{"text_format":"2","workbook":"xlsx","n_sheets":3,"sheets":["UEM","UBF","CPU"],"not_rendered":{"charts":0,"images":1,"macros":0,"external_links":2,"defined_names":6,"comments":0,"pivot_tables":0},"unopened":[],"bounds":{"document_bytes":16777216,"sheet_cells":100000,"run_cost":"one","rows_first":2000,"rows_last":500,"rows_between":2000,"halvings":0,"cell_chars":16384,"cell_head_chars":4096},"cells_cut":0,"cells_raw":0,"read":"whole","date_system":"1900"}

{"sheet":"UEM","index":0,"n_rows":116,"n_cols":15,"rows_kept":116,"cut":false,"hidden":false,"merged":[[0,0,0,8],[1,0,1,8],[2,0,2,8],[3,0,4,6],[3,7,3,8],[4,7,4,8],[27,3,27,7],[5,0,5,8],[6,0,7,0],[6,1,7,1],[6,2,7,2],[6,3,7,3],[6,4,7,4],[6,5,7,5],[6,6,6,8],[9,3,9,7],[11,3,11,7],[14,3,14,7],[20,3,20,7],[25,3,25,7],[116,0,116,8],[33,3,33,7],[35,3,35,7],[39,3,39,7],[42,3,42,7],[47,3,47,7],[53,3,53,7]]}
["MINISTÉRIO DA INTEGRAÇÃO E DO DESENVOLVIMENTO REGIONAL",{"$nulls":8},"BDI serviç",1.2591000000000001]
["COMPANHIA DE DESENVOLVIMENTO DOS VALES DO SÃO FRANCISCO E DO PARNAÍBA",{"$nulls":8},"BDI fornec.",1.1359999999999999]
["SEDE"]
["PLANILHA ORÇAMENTÁRIA DE ESTIMATIVA GERAL PARA O ESTADO DO RIO GRANDE DO NORTE",{"$nulls":6},"Base SINAPI-RN 03/2025       ORSE 02/2025"]
[{"$nulls":7},"Data: Maio/2025"]
[]
["Item","Base        ","Código        ","Descrição","Unid.","Quant.","Valor (R$)"]
[{"$nulls":6},"Unit. (sem BDI)","Unit. (com BDI)","Total"]
[]
[5,null,null,"UNIDADE DE EXTRAÇÃO DE MEL",{"$nulls":4},{"$f":"SUM(I12,I15,I21,I28,I34,I36,I40,I43,I48,I54)","v":253979.53999999998}]
[]
["5.1",null,null,"SERVIÇOS PRELIMINARES",{"$nulls":4},{"$f":"SUM(I13:I14)","v":3746.4700000000003}]
["5.2","sinapi",105009,{"$f":"[1]CPU!$A$91","v":"LOCAÇÃO DE OBRAS"},"m",{"$f":"(7.89*2+9.6*2)","v":34.979999999999997},{"$f":"J13","v":83.64},{"$f":"(G13*K$1)","v":105.31112400000001},{"$f":"ROUND(F13*H13,2)","v":3683.78},83.64]
["5.3","Sinapi",98525,"LIMPEZA MECANIZADA DE CAMADA VEGETAL, VEGETAÇÃO E PEQUENAS ÁRVORES (DIÂMETRO DE TRONCO MENOR QUE 0,20 M), COM TRATOR DE ESTEIRAS.","m²",{"$f":"9.56*7.891","v":75.437960000000004},{"$f":"J14","v":0.66},{"$f":"(G14*K$1)","v":0.83100600000000013},{"$f":"ROUND(F14*H14,2)","v":62.69},0.66]
["5.4",null,null,"MOVIMENTO DE TERRA",{"$nulls":4},{"$f":"SUM(I16:I20)","v":2141.69}]
["5.5","Sinapi",101230,"ESCAVAÇÃO VERTICAL A CÉU ABERTO, EM OBRAS DE INFRAESTRUTURA, INCLUINDO CARGA, DESCARGA E TRANSPORTE, EM SOLO DE 1ª CATEGORIA COM ESCAVADEIRA HIDRÁULICA (CAÇAMBA: 0,8 M³ / 111 HP)","m³",{"$f":"45.5+1.92+4.32+3","v":54.74},{"$f":"J16","v":11.8},{"$f":"(G16*K$1)","v":14.857380000000003},{"$f":"ROUND(F16*H16,2)","v":813.29},11.8]
["5.6","Sinapi",100577,"REGULARIZAÇÃO E COMPACTAÇÃO DE SUBLEITO DE SOLO PREDOMINANTEMENTE ARENOSO.","m²",{"$f":"9.6*7.9*0.6","v":45.503999999999998},0.52,{"$f":"(G17*K$1)","v":0.65473200000000009},{"$f":"ROUND(F17*H17,2)","v":29.79},0.52]
["5.7","Sinapi",96385,"EXECUÇÃO E COMPACTAÇÃO DE ATERRO COM SOLO PREDOMINANTEMENTE ARGILOSO - EXCLUSIVE SOLO, ESCAVAÇÃO, CARGA E TRANSPORTE","m³",64.400000000000006,12.85,16.179435000000002,{"$f":"ROUND(F18*H18,2)","v":1041.96},12.85]
["5.8","Sinapi",100574,"ESPALHAMENTO DE MATERIAL COM TRATOR DE ESTEIRAS.","m³",19.05,1.42,1.787922,{"$f":"ROUND(F19*H19,2)","v":34.06},1.42]
["5.9","Sinapi",100973,"CARGA, MANOBRA E DESCARGA DE SOLOS E MATERIAIS GRANULARES EM CAMINHÃO BASCULANTE 6 M³ - CARGA COM PÁ CARREGADEIRA (CAÇAMBA DE 1,7 A 2,8 M³ /128 HP) E DESCARGA LIVRE ","m³",19.05,9.2799999999999994,11.684448,{"$f":"ROUND(F20*H20,2)","v":222.59},9.2799999999999994]
["5.10",null,null,"FUNDAÇÕES/ ESTRUTURAS DE CONCRETO ARMADO",{"$nulls":4},{"$f":"SUM(I22:I25)","v":5565.29}]
["5.11","Sinapi",92802,"CORTE E DOBRA DE AÇO CA-50, DIÂMETRO DE 8,0 MM","kg",101.6,{"$f":"J22","v":11.87},{"$f":"(G22*K$1)","v":14.945517000000001},{"$f":"ROUND(F22*H22,2)","v":1518.46},11.87]
["5.12","Sinapi",94965,"CONCRETO FCK = 25MPA, TRAÇO 1:2,3:2,7 (CIMENTO/ AREIA MÉDIA/ BRITA 1) - PREPARO MECÂNICO COM BETONEIRA 400 L. ","m³",{"$f":"2.16+1.8","v":3.96},503.95,{"$f":"(G23*K$1)","v":634.52344500000004},{"$f":"ROUND(F23*H23,2)","v":2512.71},503.95]
["5.13","Sinapi",103673,"LANÇAMENTO COM USO DE BOMBA, ADENSAMENTO E ACABAMENTO DE CONCRETO EM ESTRUTURAS. AF_02/2022","m³",3.96,42.09,52.995519000000009,{"$f":"ROUND(F24*H24,2)","v":209.86},42.09]
["5.14","Sinapi",97086,"FABRICAÇÃO, MONTAGEM E DESMONTAGEM DE FORMA PARA RADIER, EM MADEIRA SERRADA, 4 UTILIZAÇÕES.","m²",7.8,134.84,169.77704400000002,{"$f":"ROUND(F25*H25,2)","v":1324.26},134.84]
["5.15",null,null,"REVESTIMENTOS",{"$nulls":4},{"$f":"SUM(I27:I27)","v":0}]
["5.16","Sinapi",98555,"IMPERMEABILIZAÇÃO DE SUPERFÍCIE COM ARGAMASSA POLIMÉRICA / MEMBRANA ACRÍLICA, 3 DEMÃOS.","m²",0,{"$f":"(J27)","v":0},{"$f":"(J27*K$1)","v":0},{"$f":"ROUND(F27*H27,2)","v":0}]
["5.17",null,null,"ALVENARIAS, DIVISÓRIAS E FECHAMENTOS",{"$nulls":4},{"$f":"SUM(I29:I33)","v":26714.420000000002}]
["5.18","CPU","CPU010","REVESTIMENTO DE PAREDES EM CHAPAS DE AÇO INOXIDÁVEL AISI 304  - APENAS INSTALAÇÃO","m²",70.540000000000006,{"$f":"J29","v":46.224000000000004},{"$f":"(G29*K$1)","v":58.20063840000001},{"$f":"ROUND(F29*H29,2)","v":4105.47},{"$f":"CPU!I157","v":46.224000000000004}]
["5.19","ORSE","10280/ORSE","MANTA EM LÃ DE VIDRO","m²",66.278000000000006,15.05,18.880224999999999,1251.3399999999999,15.05]
["5.20","CPU","CPU009","CHAPA XADREZ EM ALUMINIO PARA PISO e:3mm, INCLUSO REBITE PARA FIXAÇÃO - APENAS INSTALAÇÃO","m²",29.9,380.48900000000003,{"$f":"(G31*K$1)","v":479.07369990000007},{"$f":"ROUND(F31*H31,2)","v":14324.3},{"$f":"CPU!I144","v":380.48900000000003}]
["5.21","Sinapi",96486,"FORRO EM RÉGUAS DE PVC, LISO, PARA AMBIENTES COMERCIAIS, INCLUSIVE ESTRUTURA BIDIRECIONAL DE FIXAÇÃO","m²",29.93,77.5,97.580250000000007,{"$f":"ROUND(F32*H32,2)","v":2920.58},77.5]
["5.22","Sinapi",104723,"PAREDE COM SISTEMA EM CHAPAS DE GESSO PARA DRYWALL, USO INTERNO, COM DUAS FACES DUPLAS E ESTRUTURA METÁLICA COM GUIAS DUPLAS PARA PAREDES COM ÁREA LÍQUIDA MENOR QUE 6 M2, COM VÃOS.","m²",12.096,270.04000000000002,340.00736400000005,{"$f":"ROUND(F33*H33,2)","v":4112.7299999999996},270.04000000000002]
["5.23",null,null,"PINTURAS",{"$nulls":4},{"$f":"SUM(I35:I35)","v":8390.44}]
["5.24","Sinapi",100751,"PINTURA COM TINTA EPOXÍDICA DE ACABAMENTO PULVERIZADA SOBRE PERFIL METÁLICO EXECUTADO EM FÁBRICA (02 DEMÃOS).","m²",170.3,{"$f":"J35","v":39.130000000000003},{"$f":"(G35*K$1)","v":49.268583000000007},{"$f":"ROUND(F35*H35,2)","v":8390.44},39.130000000000003]
["5.25",null,null,"COBERTURAS",{"$nulls":4},{"$f":"SUM(I37:I39)","v":41128.33}]
["5.26","ORSE","13874/ORSE","ESTRUTURA METALICA P/ COBERTURA DE CRECHE PADRÃO 1 DO PADRÃO FNDE, EM LIGTH STEEL FRAME, COM PERFIS UE70 MONTANTES DE TUBO UE70, INCLUSIVE FORNECIMENTO E MONTAGEM. EXCLUSIVE TELHAS","m²",96,{"$f":"J37","v":113.51},{"$f":"(G37*K$1)","v":142.92044100000001},{"$f":"ROUND(F37*H37,2)","v":13720.36},113.51]
["5.27","Sinapi",94216,"TELHAMENTO COM TELHA METÁLICA TERMOACÚSTICA E = 30 MM, COM ATÉ 2 ÁGUAS, INCLUSO IÇAMENTO","m²",96,{"$f":"J38","v":212.24},{"$f":"(J38*K$1)","v":267.23138400000005},{"$f":"ROUND(F38*H38,2)","v":25654.21},212.24]
["5.28","Sinapi",94228,"CALHA EM CHAPA DE AÇO GALVANIZADO NÚMERO 24, DESENVOLVIMENTO DE 50 CM, INCLUSO TRANSPORTE VERTICAL. AF_07/2019","m",{"$f":"16*1.1","v":17.600000000000001},79.14,{"$f":"G39*$K$1","v":99.645174000000011},{"$f":"ROUND(F39*H39,2)","v":1753.76},79.14]
["5.29",null,null,"CONSTRUÇÃO CIVIL",{"$nulls":4},{"$f":"SUM(I41:I42)","v":5802.29}]
["5.30","Sinapi",91341,"PORTA EM ALUMÍNIO DE ABRIR TIPO VENEZIANA COM GUARNIÇÃO, FIXAÇÃO COM PARAFUSOS - FORNECIMENTO E INSTALAÇÃO.","m²",5.04,{"$f":"J41","v":496.59},{"$f":"(G41*K$1)","v":625.25646900000004},{"$f":"ROUND(F41*H41,2)","v":3151.29},496.59]
["5.31","Sinapi",100674,"CALIXSTO FIXA DE ALUMÍNIO PARA VIDRO, COM VIDRO, BATENTE E FERRAGENS. EXCLUSIVE ACABAMENTO, ALIZAR E CONTRAMARCO. FORNECIMENTO E INSTALAÇÃO. ","m²",3.75,561.46,{"$f":"(G42*K$1)","v":706.93428600000016},{"$f":"ROUND(F42*H42,2)","v":2651},561.46]
["5.32",null,null,"INSTALAÇÕES PREDIAIS",{"$nulls":4},{"$f":"SUM(I44:I47)","v":13929.73}]
["5.33","CPU","CPU001",{"$f":"[1]CPU!$A$65","v":"EXECUÇÃO DE INSTALAÇÕES HIDROSSANITÁRIAS, EXCLUSIVE EQUIPAMENTOS"},{"$f":"[1]CPU!$I$78","v":"cj"},1,{"$f":"J44","v":2852.8},{"$f":"(G44*K$1)","v":3591.9604800000006},{"$f":"ROUND(F44*H44,2)","v":3591.96},{"$f":"CPU!I19","v":2852.8}]
["5.34","SINAPI",98052,"TANQUE SÉPTICO CIRCULAR, EM CONCRETO PRÉ-MOLDADO, DIÂMETRO INTERNO = 1,10 M, ALTURA INTERNA = 2,50 M, VOLUME ÚTIL: 2138,2 L (PARA 5 CONTRIBUINTES).","un",1,2040.96,{"$f":"(G45*K$1)","v":2569.7727360000004},{"$f":"ROUND(F45*H45,2)","v":2569.77},2040.96]
["5.35","SINAPI",98062,"SUMIDOURO CIRCULAR, EM CONCRETO PRÉ-MOLDADO, DIÂMETRO INTERNO = 1,88 M, ALTURA INTERNA = 2,00 M, ÁREA DE INFILTRAÇÃO: 13,1 M² (PARA 5 CONTRIBUINTES)","un",1,3043.89,3832.5618990000003,{"$f":"ROUND(F46*H46,2)","v":3832.56},3043.89]
["5.36","CPU","CPU002",{"$f":"[1]CPU!$A$78","v":"EXECUÇÃO DE INSTALAÇÕES ELÉTRICAS, EXCLUSIVE EQUIPAMENTOS"},{"$f":"[1]CPU!$I$78","v":"cj"},1,3125.6,3935.4429600000003,{"$f":"ROUND(F47*H47,2)","v":3935.44},{"$f":"CPU!I32","v":3125.6}]
["5.37",null,null,"SERVIÇOS DIVERSOS",{"$nulls":4},{"$f":"SUM(I49:I53)","v":30757.15}]
["5.38","CPU","CPU003",{"$f":"[1]CPU!$A$140","v":"CORTE DE CONTAINER PARA ESQUADRIAS"},{"$f":"[1]CPU!$I$140","v":"m²"},16.45,{"$f":"J49","v":226.15999999999997},{"$f":"(G49*K$1)","v":284.75805600000001},{"$f":"ROUND(F49*H49,2)","v":4684.2700000000004},{"$f":"CPU!I50","v":226.15999999999997}]
["5.39","CPU","CPU004",{"$f":"[1]CPU!$A$182","v":"MODIFICAÇÕES NO CONTAINER COM CORTE POR ESMERILHADEIRA "},{"$f":"[1]CPU!$I$182","v":"m"},58.26,118.03,{"$f":"(G50*K$1)","v":148.61157300000002},8658.11,{"$f":"CPU!I68","v":118.03}]
["5.40","CPU","CPU005",{"$f":"[1]CPU!$A$200","v":"MODIFICAÇÕES NO CONTAINER UNIÃO ATRAVÉS DO PROCESSO DE SOLDAGEM, INCLUSO IÇAMENTO DO CONTAINER"},{"$f":"[1]CPU!$I$200","v":"m"},21.9,375.05942600000003,472.23732327660008,10342,{"$f":"CPU!I90","v":375.05942600000003}]
["5.41","CPU","CPU011","GUARDA-CORPO DE AÇO CARBONO, MONTANTES TUBULARES DE 1.1/2\" ESPAÇADOS EM 0,75M, ALTURA APROXIMADA DE 0,90M, PREPARADO COM FUNDO E TINTA EPÓXI NA COR AMARELA","m²",{"$f":"0.75*2*3*1.1","v":4.95},486.26658633333335,612.25825885230006,{"$f":"ROUND(F52*H52,2)","v":3030.68},{"$f":"CPU!I180","v":486.26658633333335}]
["5.42","CPU","CPU013","FORNECIMENTO E INSTALAÇÃO DE SUPORTE PARA CAIXA D'ÁGUA EM METALON","m²",1,3210.3036204,4042.0932884456402,{"$f":"ROUND(F53*H53,2)","v":4042.09},{"$f":"CPU!I234","v":3210.3036204}]
["5.43",null,null,"MATERIAIS",{"$nulls":4},{"$f":"SUM(I55:I116)","v":115803.72999999998}]
["5.44","Cotação",null,"CONTAINER DRY BOX 20 PÉS 6,1X2,21X2,6 (COMPXLARGXALTU)","un",2,{"$f":"J55","v":20803},{"$f":"(G55*K$2)","v":23632.207999999999},{"$f":"ROUND(F55*H55,2)","v":47264.42},{"$f":"CPU!I197","v":20803}]
["5.45","Sinapi",89356,"TUBO PVC, SOLDAVEL, DN 25 MM, AGUA FRIA (NBR-5648)","m",12,22.82,{"$f":"(G56*K$2)","v":25.923519999999996},311.08,22.82]
["5.46","Sinapi",89357,"TUBO PVC, SOLDAVEL, DN 32 MM, AGUA FRIA (NBR-5648)","m",18,31.37,35.636319999999998,641.45000000000005,31.37]
["5.47","Sinapi",9835,"TUBO PVC SERIE NORMAL, DN 40 MM, PARA ESGOTO PREDIAL (NBR 5688)","m",3,6.11,6.9409599999999996,20.82,6.11]
["5.48","Sinapi",9838,"TUBO PVC SERIE NORMAL, DN 50 MM, PARA ESGOTO PREDIAL (NBR 5688) ","m",20,10.09,11.46224,229.24,10.09]
["5.49","Sinapi",9836,"TUBO PVC SERIE NORMAL, DN 100 MM, PARA ESGOTO PREDIAL (NBR 5688) ","m",1,13.99,15.892639999999998,15.89,13.99]
["5.50","Sinapi",89362,"JOELHO 90 GRAUS, PVC, SOLDÁVEL, DN 25MM, INSTALADO EM RAMAL OU SUB-RAMAL DE ÁGUA - FORNECIMENTO E INSTALAÇÃO. AF_06/2022","un",12,9.06,10.292159999999999,123.51,9.06]
["5.51","Sinapi",89367,"JOELHO 90 GRAUS, PVC, SOLDÁVEL, DN 32MM, INSTALADO EM RAMAL OU SUB-RAMAL DE ÁGUA - FORNECIMENTO E INSTALAÇÃO. AF_06/2022","un",10,12.48,14.17728,{"$f":"ROUND(F62*H62,2)","v":141.77000000000001},12.48]
["5.52","Sinapi",3515,"JOELHO PVC, SOLDAVEL, COM BUCHA DE LATAO, 90 GRAUS, 20 MM X 1/2\", PARA AGUA FRIA","un",2,6.43,7.304479999999999,{"$f":"ROUND(F63*H63,2)","v":14.61},6.43]
["5.53","Sinapi",7121,"TE PVC, SOLDAVEL, COM BUCHA DE LATAO NA BOLSA CENTRAL, 90 GRAUS, 20 MM X 1/2\", PARA AGUA FRIA PREDIAL","un",2,9.0399999999999991,10.269439999999998,{"$f":"ROUND(F64*H64,2)","v":20.54},9.0399999999999991]
["5.54","Sinapi",798,"BUCHA DE REDUCAO PVC ROSCAVEL 3/4\" X 1/2\"","un",2,1.1599999999999999,1.3177599999999998,{"$f":"ROUND(F65*H65,2)","v":2.64},1.1599999999999999]
["5.55","Sinapi",103957,"BUCHA DE REDUÇÃO, CURTA, PVC, SOLDÁVEL, DN 32 X 25 MM, INSTALADO EM PRUMADA DE ÁGUA - FORNECIMENTO E INSTALAÇÃO. AF_06/2022","un",2,4.59,5.2142399999999993,10.43,4.59]
["5.56","Sinapi",3878,"LUVA PVC, ROSCAVEL, 1 1/2\", AGUA FRIA PREDIAL","un",2,11.8,13.4048,26.81,11.8]
["5.57","Sinapi",4177,"NIPLE DE FERRO GALVANIZADO, COM ROSCA BSP, DE 1/2\"","un",2,5.3,6.0207999999999995,12.04,5.3]
["5.58","Sinapi",89395,"TE, PVC, SOLDÁVEL, DN 25MM, INSTALADO EM RAMAL OU SUB-RAMAL DE ÁGUA - FORNECIMENTO E INSTALAÇÃO. AF_06/2022","un",3,12.48,14.17728,42.53,12.48]
["5.59","Sinapi",89398,"TE, PVC, SOLDÁVEL, DN 32MM, INSTALADO EM RAMAL OU SUB-RAMAL DE ÁGUA - FORNECIMENTO E INSTALAÇÃO. AF_06/2022","un",3,17.41,19.777759999999997,59.33,17.41]
["5.60","Sinapi",97,"ADAPTADOR PVC SOLDAVEL, COM FLANGE E ANEL DE VEDACAO, 32 MM X 1\", PARA CAIXA D'AGUA","un",4,18.3,20.788799999999998,83.16,18.3]
["5.61","Sinapi",11675,"REGISTRO DE ESFERA, PVC, COM VOLANTE, VS, SOLDAVEL, DN 32 MM,","un",4,20.69,{"$f":"G72*$K$2","v":23.50384},94.02,20.69]
["5.62","Sinapi",34637,"CAIXA D'AGUA / RESERVATORIO EM POLIETILENO, 500 LITROS, COM TAMPA                                                                                                                                                                                                                                                                                                                                                                                                                                         ","un",1,274.22000000000003,311.51391999999998,311.51,274.22000000000003]
["5.63","Sinapi",94495,"REGISTRO DE GAVETA BRUTO, LATÃO, ROSCÁVEL, 1\" - FORNECIMENTO E INSTALAÇÃO. AF_08/2021","un",1,59.65,67.762399999999985,67.760000000000005,59.65]
["5.64","Sinapi",94496,"REGISTRO DE GAVETA BRUTO, LATÃO, ROSCÁVEL, 1 1/4\" - FORNECIMENTO E INSTALAÇÃO. AF_08/2021","un",2,81.27,92.32271999999999,184.65,81.27]
["5.65","Sinapi",7603,"TORNEIRA DE METAL AMARELO, PARA TANQUE / JARDIM, DE PAREDE, SEM BICO, CANO CURTO, PADRAO POPULAR / USO GERA","un",2,29.94,34.011839999999999,68.02,29.94]
["5.66","Sinapi",94795,"TORNEIRA DE BOIA PARA CAIXA D'ÁGUA, ROSCÁVEL, 1/2\" - FORNECIMENTO E INSTALAÇÃO. AF_08/2021","un",1,29.96,34.034559999999999,34.03,29.96]
["5.67","Sinapi",20080,"ADESIVO PLASTICO PARA PVC, FRASCO COM 175 GR","un",2,19.11,21.708959999999998,{"$f":"ROUND(F78*H78,2)","v":43.42},19.11]
["5.68","Sinapi",3143,"FITA VEDA ROSCA 18MMX25M","un",1,7.07,8.0315200000000004,{"$f":"ROUND(F79*H79,2)","v":8.0299999999999994},7.07]
["5.69","Sinapi",35277,"CAIXA DE GORDURA EM PVC, DIAMETRO MINIMO 300 MM, DIAMETRO DE SAIDA 100 MM CAPACIDADE APROXIMADA 18 LITROS, COM TAMPA E CESTO","un",1,371.46,421.97855999999996,{"$f":"ROUND(F80*H80,2)","v":421.98},371.46]
["5.70","Sinapi",11735,"PROLONGADOR PAR CAIXA DE GORDURA E INSPEÇÃO DN300, PVC","un",1,9.25,10.507999999999999,{"$f":"ROUND(F81*H81,2)","v":10.51},9.25]
["5.71","Sinapi",89482,"CAIXA SIFONADA, PVC, DN 100 X 100 X 50 MM, FORNECIDA E INSTALADA EM RAMAIS DE ENCAMINHAMENTO DE ÁGUA PLUVIAL. AF_06/2022","un",5,38.619999999999997,43.872319999999995,{"$f":"ROUND(F82*H82,2)","v":219.36},38.619999999999997]
["5.72","Sinapi",94679,"CURVA 90 GRAUS, PVC, SOLDÁVEL, DN 50 MM, INSTALADO EM RESERVAÇÃO DE ÁGUA DE EDIFICAÇÃO QUE POSSUA RESERVATÓRIO DE FIBRA/FIBROCIMENTO   FORNECIMENTO E INSTALAÇÃO. AF_06/2016","un",11,22.08,25.082879999999996,275.91000000000003,22.08]
["5.73","Sinapi",89504,"CURVA 45 GRAUS, PVC, SOLDÁVEL, DN 50MM, INSTALADO EM PRUMADA DE ÁGUA - FORNECIMENTO E INSTALAÇÃO. AF_06/2022","un",3,17.73,20.141279999999998,60.42,17.73]
["5.74","Sinapi",89724,"JOELHO 90 GRAUS, PVC, SERIE NORMAL, ESGOTO PREDIAL, DN 40 MM, JUNTA SOLDÁVEL, FORNECIDO E INSTALADO EM RAMAL DE DESCARGA OU RAMAL DE ESGOTO SANITÁRIO. AF_08/2022","un",1,9.67,10.985119999999998,10.99,9.67]
["5.75","Sinapi",89731,"JOELHO 90 GRAUS, PVC, SERIE NORMAL, ESGOTO PREDIAL, DN 50 MM, JUNTA ELÁSTICA, FORNECIDO E INSTALADO EM RAMAL DE DESCARGA OU RAMAL DE ESGOTO SANITÁRIO. AF_08/2022","un",8,14.68,16.676479999999998,133.41,14.68]
["5.76","Sinapi",89563,"JUNÇÃO SIMPLES, PVC, SERIE R, ÁGUA PLUVIAL, DN 50 MM, JUNTA ELÁSTICA, FORNECIDO E INSTALADO EM RAMAL DE ENCAMINHAMENTO. AF_06/2022","un",2,33.18,37.692479999999996,75.38,33.18]
["5.77","Sinapi",103995,"LUVA, PVC, SOLDÁVEL, DN 50MM, INSTALADO EM RAMAL DE DISTRIBUIÇÃO DE ÁGUA - FORNECIMENTO E INSTALAÇÃO. AF_06/2022","un",17,14.21,16.14256,274.42,14.21]
["5.78","Sinapi",104345,"JUNÇÃO DE REDUÇÃO INVERTIDA, PVC, SÉRIE NORMAL, ESGOTO PREDIAL, DN 100 X 50 MM, JUNTA ELÁSTICA, FORNECIDO E INSTALADO EM RAMAL DE DESCARGA OU RAMAL DE ESGOTO SANITÁRIO. AF_08/2022","un",2,41.48,47.121279999999992,94.24,41.48]
["5.79","Sinapi",20043,"REDUÇÃO EXCÊNTRICA, PVC, ÁGUA PLUVIAL, DN 100 X 50 MM, LINHA NORMAL","un",2,8.42,9.5651199999999985,{"$f":"ROUND(F90*H90,2)","v":19.13},8.42]
["5.80","Sinapi",86883,"SIFÃO DO TIPO FLEXÍVEL EM PVC 1  X 1.1/2  - FORNECIMENTO E INSTALAÇÃO. AF_01/2020","un",1,9.8000000000000007,11.1328,11.13,9.8000000000000007]
["5.81","Sinapi",86941,"LAVATÓRIO LOUÇA BRANCA COM COLUNA, 45 X 55CM OU EQUIVALENTE, PADRÃO MÉDIO, INCLUSO SIFÃO TIPO GARRAFA, VÁLVULA E ENGATE FLEXÍVEL DE 40CM EMMETAL CROMADO, COM TORNEIRA CROMADA DE MESA, PADRÃO MÉDIO - FORNECIMENTO E INSTALAÇÃO.","un",1,898.67,1020.8891199999998,1020.89,898.67]
["5.82","Sinapi",86936,"CUBA DE EMBUTIR DE AÇO INOXIDÁVEL MÉDIA, INCLUSO VÁLVULA TIPO AMERICANA E SIFÃO TIPO GARRAFA EM METAL CROMADO - FORNECIMENTO E INSTALAÇÃO","un",1,564.72,641.52192000000002,641.52,564.72]
["5.83","Cotação",null,"LAVADOR DE BOTAS EM AÇO INOXIDÁVEL AISI 304","un",1,3090.0866666666666,3510.3384533333328,3510.34,{"$f":"O94","v":3090.0866666666666},null,2650,2427.33,4192.93,{"$f":"AVERAGE(L94:N94)","v":3090.0866666666666}]
["5.84","Sinapi",86906,"TORNEIRA CROMADA DE MESA, 1/2\u0094 OU 3/4\u0094, PARA LAVATÓRIO, PADRÃO POPULAR - FORNECIMENTO E INSTALAÇÃO. AF_01/2020","un",2,58.43,66.376480000000001,132.75,58.43]
["5.85","Sinapi",94768,"ADAPTADOR COM FLANGE E ANEL DE VEDAÇÃO, CPVC, ROSCÁVEL, DN 42 MM, INSTALADO EM RESERVAÇÃO DE ÁGUA DE EDIFICAÇÃO QUE POSSUA RESERVATÓRIO DE FIBRA/FIBROCIMENTO - FORNECIMENTO E INSTALAÇÃO. AF_06/2016","un",1,66.78,75.862079999999992,75.86,66.78]
["5.86","Cotação",null,"PEDALEIRA PARA ACIONAMENTO TORNEIRA, ROSCA 1/2\"","un",2,145.39666666666665,165.17061333333331,330.34,{"$f":"O97","v":145.39666666666665},null,133.4,137.88999999999999,164.9,{"$f":"AVERAGE(L97:N97)","v":145.39666666666665}]
["5.87","Sinapi",91924,"CABO DE COBRE FLEXÍVEL ISOLADO, 1,5 MM², ANTI-CHAMA 450/750 V, PARA CIRCUITOS TERMINAIS - FORNECIMENTO E INSTALAÇÃO. AF_03/2023","m",49,3.32,3.7715199999999993,184.8,3.32]
["5.88","Sinapi",91926,"CABO DE COBRE, RIGIDO, CLASSE 2, ISOLACAO EM PVC/A, ANTICHAMA BWF-B, 1 CONDUTOR, 450/750 V, SECAO NOMINAL 2,5 MM2","m",180,4.8600000000000003,5.5209599999999996,993.77,4.8600000000000003]
["5.89","Sinapi",91952,"INTERRUPTOR SIMPLES (1 MÓDULO), 10A/250V, SEM SUPORTE E SEM PLACA - FORNECIMENTO E INSTALAÇÃO. AF_03/2023","un",4,18.63,21.163679999999996,84.65,18.63]
["5.90","Sinapi",91990,"TOMADA ALTA DE EMBUTIR (1 MÓDULO), 2P+T 10 A, SEM SUPORTE E SEM PLACA - FORNECIMENTO E INSTALAÇÃO. AF_03/2023","un",1,34.53,39.226079999999996,39.229999999999997,34.53]
["5.91","ORSE","11054/ORSE","CAIXA METÁLICA COM UMA TOMADA 2P+T PARA INSTALAÇÃO APARENTE","un",10,27.17,30.158700000000003,301.58999999999997,27.17]
["5.92","Sinapi",95777,"CONDULETE DE ALUMÍNIO, TIPO B, PARA ELETRODUTO DE AÇO GALVANIZADO DN 20 MM (3/4''), APARENTE - FORNECIMENTO E INSTALAÇÃO. AF_10/2022","un",5,25.37,28.820319999999999,144.1,25.37]
["5.93","Sinapi",101890,"DISJUNTOR MONOPOLAR TIPO NEMA, CORRENTE NOMINAL DE 10 ATÉ 30A - FORNECIMENTO E INSTALAÇÃO. AF_10/2020","un",1,15.94,18.107839999999999,18.11,15.94]
["5.94","Sinapi",101892,"DISJUNTOR MONOPOLAR TIPO NEMA, CORRENTE NOMINAL DE 10 ATÉ 50A - FORNECIMENTO E INSTALAÇÃO. AF_10/2020","un",7,69.08,{"$f":"G105*$K$2","v":78.474879999999985},549.32000000000005,69.08]
["5.95","ORSE","07943/ORSE","DISJUNTOR BIPOLAR DR 25A - DISPOSITIVO DIFERENCIAL RESIDUAL, TIPO AC, 30MA","un",3,278.5,309.13500000000005,927.41,278.5]
["5.96","Sinapi",93661,"DISJUNTOR BIPOLAR TIPO DIN, CORRENTE NOMINAL DE 16A - FORNECIMENTO E INSTALAÇÃO. AF_10/2020","un",2,69.08,78.474879999999985,156.94999999999999,69.08]
["5.97","Sinapi",93665,"DISJUNTOR BIPOLAR TIPO DIN, CORRENTE NOMINAL DE 40A - FORNECIMENTO E INSTALAÇÃO. AF_10/2020","un",1,66.06,75.044159999999991,75.040000000000006,66.06]
["5.98","ORSE","4878/ORSE","PONTO DE LUZ EM TETO OU PAREDE, APARENTE SEM ELETRODUTO","un",5,65.23,72.405300000000011,362.03,65.23]
["5.99","ORSE","14448/ORSE","ELETRODUTO DE AÇO GALVANIZADO, CLASSE LEVE, DN 25 MM (1\")","m",50,33.67,37.373700000000007,1868.69,33.67]
["5.100","Sinapi",1879,"CURVA 90° PVC ELETRODUTO ROSCAVEL 3/4\"","un",16,2.23,2.5332799999999995,40.53,2.23]
["5.101","Sinapi",39128,"ABRAÇADEIRA GALVANIZADA \"D\" PARA ELETRODUTO 3/4\" COM CUNHA","un",50,2.59,2.9422399999999995,147.11000000000001,2.59]
["5.102","Sinapi",101878,"QUADRO DE DISTRIBUIÇÃO DE ENERGIA EM CHAPA DE AÇO GALVANIZADO, DE SOBREPOR, COM BARRAMENTO TRIFÁSICO, PARA 18 DISJUNTORES DIN 100A - FORNECIMENTO E INSTALAÇÃO. AF_10/2020","un",1,521.91,592.88975999999991,{"$f":"ROUND(F113*H113,2)","v":592.89},521.91]
["5.103","Sinapi",100954,"TRANSPORTE COM CAMINHÃO CARROCERIA COM GUINDAUTO (MUNCK),  MOMENTO MÁXIMO DE CARGA 11,7 TM, EM VIA INTERNA (DENTRO DO CANTEIRO - UNIDADE: TXKM). AF_07/2020","TXKM",800,9.06,10.292159999999999,{"$f":"ROUND(F114*H114,2)","v":8233.73},9.06]
["5.104","CPU","CPU006","REVESTIMENTO DE PAREDES EM CHAPAS DE AÇO INOXIDÁVEL AISI 304  - APENAS INSTALAÇÃO","m²",70.540000000000006,352.18199999999996,400.07875199999989,{"$f":"ROUND(F115*H115,2)","v":28221.56},{"$f":"CPU!I102","v":352.18199999999996}]
["5.105","CPU","CPU008","CHAPA XADREZ EM ALUMINIO PARA PISO e:3mm, INCLUSO REBITE PARA FIXAÇÃO - APENAS MÃO DE OBRA","m²",29.9,462.57279999999997,525.48270079999998,{"$f":"ROUND(F116*H116,2)","v":15711.93},{"$f":"CPU!I132","v":462.57279999999997}]

{"sheet":"UBF","index":1,"n_rows":104,"n_cols":11,"rows_kept":104,"cut":false,"hidden":false,"merged":[[0,0,0,8],[1,0,1,8],[2,0,2,8],[3,0,4,6],[3,7,3,8],[4,7,4,8],[5,0,5,8],[6,0,7,0],[6,1,7,1],[6,2,7,2],[6,3,7,3],[6,4,7,4],[6,5,7,5],[6,6,6,8],[47,3,47,7],[54,3,54,7],[104,0,104,8],[9,3,9,7],[24,3,24,7],[30,3,30,7],[32,3,32,7],[36,3,36,7],[42,3,42,7],[10,3,10,7],[13,3,13,7],[19,3,19,7]]}
["MINISTÉRIO DA INTEGRAÇÃO E DO DESENVOLVIMENTO REGIONAL",{"$nulls":8},"BDI serviç",1.2591000000000001]
["COMPANHIA DE DESENVOLVIMENTO DOS VALES DO SÃO FRANCISCO E DO PARNAÍBA",{"$nulls":8},"BDI fornec.",1.1359999999999999]
["SEDE"]
["PLANILHA ORÇAMENTÁRIA DE ESTIMATIVA GERAL PARA O ESTADO DO RIO GRANDE DO NORTE",{"$nulls":6},"Base SINAPI-RN 03/2025       ORSE 02/2025"]
[{"$nulls":7},"Data: Maio/2025"]
[]
["Item","Base        ","Código        ","Descrição","Unid.","Quant.","Valor (R$)"]
[{"$nulls":6},"Unit. (sem BDI)","Unit. (com BDI)","Total"]
[]
[6,null,null,"UNIDADE DE BENEFICIAMENTO DE FRUTOS",{"$nulls":4},{"$f":"SUM(I11,I14,I20,I25,I31,I33,I37,I43,I48,I55)","v":367829.39452720003}]
["6.1",null,null,"SERVIÇOS PRELIMINARES",{"$nulls":4},{"$f":"SUM(I12:I13)","v":5390.21}]
["6.2","sinapi",105009,{"$f":"[1]CPU!$A$91","v":"LOCAÇÃO DE OBRAS"},"m",{"$f":"15+10+15+10","v":50},{"$f":"J12","v":83.64},{"$f":"(G12*K$1)","v":105.31112400000001},{"$f":"ROUND(F12*H12,2)","v":5265.56},83.64]
["6.3","Sinapi",98525,"LIMPEZA MECANIZADA DE CAMADA VEGETAL, VEGETAÇÃO E PEQUENAS ÁRVORES (DIÂMETRO DE TRONCO MENOR QUE 0,20 M), COM TRATOR DE ESTEIRAS.","m²",{"$f":"15*10","v":150},{"$f":"J13","v":0.66},{"$f":"(G13*K$1)","v":0.83100600000000013},{"$f":"ROUND(F13*H13,2)","v":124.65},0.66]
["6.4",null,null,"MOVIMENTO DE TERRA",{"$nulls":4},{"$f":"SUM(I15:I19)","v":3135.6800000000003}]
["6.5","Sinapi",101230,"ESCAVAÇÃO VERTICAL A CÉU ABERTO, EM OBRAS DE INFRAESTRUTURA, INCLUINDO CARGA, DESCARGA E TRANSPORTE, EM SOLO DE 1ª CATEGORIA COM ESCAVADEIRA HIDRÁULICA (CAÇAMBA: 0,8 M³ / 111 HP)","m³",54.76,{"$f":"J15","v":11.8},{"$f":"G15*$K$1","v":14.857380000000003},{"$f":"ROUND(F15*H15,2)","v":813.59},11.8]
["6.6","Sinapi",100577,"REGULARIZAÇÃO E COMPACTAÇÃO DE SUBLEITO DE SOLO PREDOMINANTEMENTE ARENOSO.","m²",150,0.52,{"$f":"G16*$K$1","v":0.65473200000000009},{"$f":"ROUND(F16*H16,2)","v":98.21},0.52]
["6.7","Sinapi",96385,"EXECUÇÃO E COMPACTAÇÃO DE ATERRO COM SOLO PREDOMINANTEMENTE ARGILOSO - EXCLUSIVE SOLO, ESCAVAÇÃO, CARGA E TRANSPORTE","m³",75,12.85,{"$f":"G17*$K$1","v":16.179435000000002},{"$f":"ROUND(F17*H17,2)","v":1213.46},12.85]
["6.8","Sinapi",100574,"ESPALHAMENTO DE MATERIAL COM TRATOR DE ESTEIRAS.","m³",75,1.42,{"$f":"G18*$K$1","v":1.787922},{"$f":"ROUND(F18*H18,2)","v":134.09},1.42]
["6.9","Sinapi",100973,"CARGA, MANOBRA E DESCARGA DE SOLOS E MATERIAIS GRANULARES EM CAMINHÃO BASCULANTE 6 M³ - CARGA COM PÁ CARREGADEIRA (CAÇAMBA DE 1,7 A 2,8 M³ /128 HP) E DESCARGA LIVRE ","m³",75,9.2799999999999994,{"$f":"G19*$K$1","v":11.684448},{"$f":"ROUND(F19*H19,2)","v":876.33},9.2799999999999994]
["6.10",null,null,"FUNDAÇÕES/ ESTRUTURAS DE CONCRETO ARMADO",{"$nulls":4},{"$f":"SUM(I21:I24)","v":14530.5445272}]
["6.11","Sinapi",92802,"CORTE E DOBRA DE AÇO CA-50, DIÂMETRO DE 8,0 MM","kg",101.6,{"$f":"J21","v":11.87},{"$f":"G21*K1","v":14.945517000000001},{"$f":"H21*F21","v":1518.4645272},11.87]
["6.12","Sinapi",94965,"CONCRETO FCK = 25MPA, TRAÇO 1:2,3:2,7 (CIMENTO/ AREIA MÉDIA/ BRITA 1) - PREPARO MECÂNICO COM BETONEIRA 400 L. ","m³",17,503.95,{"$f":"G22*K1","v":634.52344500000004},{"$f":"ROUND(F22*H22,2)","v":10786.9},503.95]
["6.13","Sinapi","103673","LANÇAMENTO COM USO DE BOMBA, ADENSAMENTO E ACABAMENTO DE CONCRETO EM ESTRUTURAS. AF_02/2022","m³",17,42.09,{"$f":"G23*K1","v":52.995519000000009},{"$f":"ROUND(F23*H23,2)","v":900.92},42.09]
["6.14","Sinapi",97086,"FABRICAÇÃO, MONTAGEM E DESMONTAGEM DE FORMA PARA RADIER, EM MADEIRA SERRADA, 4 UTILIZAÇÕES.","m²",7.8,134.84,{"$f":"G24*K1","v":169.77704400000002},{"$f":"ROUND(F24*H24,2)","v":1324.26},134.84]
["6.15",null,null,"ALVENARIAS, DIVISÓRIAS E FECHAMENTOS",{"$nulls":4},{"$f":"SUM(I26:I30)","v":57501.64}]
["6.16","CPU","CPU010","REVESTIMENTO DE PAREDES EM CHAPAS DE AÇO INOXIDÁVEL AISI 304  - APENAS INSTALAÇÃO","m²",160.29,{"$f":"J26","v":46.224000000000004},{"$f":"(J26*K$1)","v":58.20063840000001},{"$f":"ROUND(F26*H26,2)","v":9328.98},{"$f":"CPU!I157","v":46.224000000000004}]
["6.17","ORSE","10280/ORSE","MANTA EM LÃ DE VIDRO","m²",66.278000000000006,15.05,18.880224999999999,1251.3399999999999,15.05]
["6.18","CPU","CPU009","CHAPA XADREZ EM ALUMINIO PARA PISO e:3mm, INCLUSO REBITE PARA FIXAÇÃO - APENAS INSTALAÇÃO","m²",56.543999999999997,380.48900000000003,{"$f":"(J28*K$1)","v":479.07369990000007},{"$f":"ROUND(F28*H28,2)","v":27088.74},{"$f":"CPU!I144","v":380.48900000000003}]
["6.19","Sinapi",104723,"PAREDE COM SISTEMA EM CHAPAS DE GESSO PARA DRYWALL, USO INTERNO, COM DUAS FACES DUPLAS E ESTRUTURA METÁLICA COM GUIAS DUPLAS PARA PAREDES COM ÁREA LÍQUIDA MENOR QUE 6 M2, COM VÃOS.","m²",42.8,270.04000000000002,{"$f":"(J29*K$1)","v":340.00736400000005},{"$f":"ROUND(F29*H29,2)","v":14552.32},270.04000000000002]
["6.20","Sinapi",96486,"FORRO EM RÉGUAS DE PVC, LISO, PARA AMBIENTES COMERCIAIS, INCLUSIVE ESTRUTURA BIDIRECIONAL DE FIXAÇÃO","m²",54.112000000000002,77.5,{"$f":"(J30*K$1)","v":97.580250000000007},{"$f":"ROUND(F30*H30,2)","v":5280.26},77.5]
["6.21",null,null,"PINTURAS",{"$nulls":4},{"$f":"SUM(I32:I32)","v":13001.98}]
["6.22","Sinapi",100751,"PINTURA COM TINTA EPOXÍDICA DE ACABAMENTO PULVERIZADA SOBRE PERFIL METÁLICO EXECUTADO EM FÁBRICA (02 DEMÃOS).","m²",263.89999999999998,{"$f":"J32","v":39.130000000000003},{"$f":"(J32*K$1)","v":49.268583000000007},{"$f":"ROUND(F32*H32,2)","v":13001.98},39.130000000000003]
["6.23",null,null,"COBERTURAS",{"$nulls":4},{"$f":"SUM(I34:I36)","v":42160.75}]
["6.24","ORSE","13874/ORSE","ESTRUTURA METALICA P/ COBERTURA DE CRECHE PADRÃO 1 DO PADRÃO FNDE, EM LIGTH STEEL FRAME, COM PERFIS UE70 MONTANTES DE TUBO UE70, INCLUSIVE FORNECIMENTO E MONTAGEM. EXCLUSIVE TELHAS","m²",98.42,{"$f":"J34","v":113.51},{"$f":"(G34*K$1)","v":142.92044100000001},{"$f":"ROUND(F34*H34,2)","v":14066.23},113.51]
["6.25","Sinapi",94216,"TELHAMENTO COM TELHA METÁLICA TERMOACÚSTICA E = 30 MM, COM ATÉ 2 ÁGUAS, INCLUSO IÇAMENTO","m²",98.42,{"$f":"J35","v":212.24},{"$f":"(J35*K$1)","v":267.23138400000005},{"$f":"ROUND(F35*H35,2)","v":26300.91},212.24]
["6.26","Sinapi",94228,"CALHA EM CHAPA DE AÇO GALVANIZADO NÚMERO 24, DESENVOLVIMENTO DE 50 CM, INCLUSO TRANSPORTE VERTICAL. AF_07/2019","m",18,79.14,{"$f":"(J36*K$1)","v":99.645174000000011},{"$f":"ROUND(F36*H36,2)","v":1793.61},79.14]
["6.27",null,null,"CONSTRUÇÃO CIVIL",{"$nulls":4},{"$f":"SUM(I38:I42)","v":20300.599999999999}]
["6.28","Sinapi",100702,"PORTA DE CORRER DE ALUMÍNIO, COM DUAS FOLHAS PARA VIDRO, INCLUSO VIDRO LISO INCOLOR, FECHADURA E PUXADOR, SEM ALIZAR. ","m²",4.8499999999999996,{"$f":"J38","v":348.69},{"$f":"(G38*K$1)","v":439.03557900000004},{"$f":"ROUND(F38*H38,2)","v":2129.3200000000002},348.69]
["6.29","Sinapi",91341,"PORTA EM ALUMÍNIO DE ABRIR TIPO VENEZIANA COM GUARNIÇÃO, FIXAÇÃO COM PARAFUSOS - FORNECIMENTO E INSTALAÇÃO.","m²",3.8,496.59,{"$f":"(G39*K$1)","v":625.25646900000004},{"$f":"ROUND(F39*H39,2)","v":2375.9699999999998},496.59]
["6.30","Sinapi",100674,"CAIXILHO FIXO DE ALUMÍNIO PARA VIDRO (VIDRO INCLUSO), BATENTE/ REQUADRO DE 4 A 14 CM, SEM\nGUARNIÇÃO/ ALIZAR, FIXAÇÃO COM PARAFUSOS, VEDAÇÃO COM SILICONE, EXCLUSIVE CONTRAMARCO -\nFORNECIMENTO E INSTALAÇÃO. AF_11/2024","m²",8.85,561.46,706.93428600000016,{"$f":"ROUND(F40*H40,2)","v":6256.37},561.46]
["6.31","CPU","CPU007","REVESTIMENTO CERÂMICO PARA PISO COM PLACAS TIPO ESMALTADA DE DIMENSÕES 45x45cm COM ARGAMASSA AC III","m²",60,94.610720999999998,119.12435881110001,{"$f":"ROUND(F41*H41,2)","v":7147.46},{"$f":"CPU!I121","v":94.610720999999998}]
["6.32","Sinapi",94228,"CALHA EM CHAPA DE AÇO GALVANIZADO NÚMERO 24, DESENVOLVIMENTO DE 50 CM, INCLUSO TRANSPORTE VERTICAL. AF_07/2019","m",24,79.14,99.645174000000011,{"$f":"ROUND(F42*H42,2)","v":2391.48},79.14]
["6.33",null,null,"INSTALAÇÕES PREDIAIS",{"$nulls":4},{"$f":"SUM(I44:I47)","v":13929.73}]
["6.34","CPU","CPU001",{"$f":"[2]CPU!$A$65","v":"EXECUÇÃO DE INSTALAÇÕES HIDROSSANITÁRIAS, EXCLUSIVE EQUIPAMENTOS"},{"$f":"[2]CPU!$I$78","v":"cj"},1,{"$f":"J44","v":2852.8},{"$f":"(J44*K$1)","v":3591.9604800000006},{"$f":"ROUND(F44*H44,2)","v":3591.96},{"$f":"CPU!I19","v":2852.8}]
["6.35","CPU","CPU002",{"$f":"[2]CPU!$A$78","v":"EXECUÇÃO DE INSTALAÇÕES ELÉTRICAS, EXCLUSIVE EQUIPAMENTOS"},{"$f":"[2]CPU!$I$78","v":"cj"},1,3125.6,{"$f":"(J45*K$1)","v":3935.4429600000003},{"$f":"ROUND(F45*H45,2)","v":3935.44},{"$f":"CPU!I32","v":3125.6}]
["6.36","SINAPI",98052,"TANQUE SÉPTICO CIRCULAR, EM CONCRETO PRÉ-MOLDADO, DIÂMETRO INTERNO = 1,10 M, ALTURA INTERNA = 2,50 M, VOLUME ÚTIL: 2138,2 L (PARA 5 CONTRIBUINTES).","un",1,2040.96,{"$f":"G46*K1","v":2569.7727360000004},{"$f":"ROUND(F46*H46,2)","v":2569.77},2040.96]
["6.37","SINAPI",98062,"SUMIDOURO CIRCULAR, EM CONCRETO PRÉ-MOLDADO, DIÂMETRO INTERNO = 1,88 M, ALTURA INTERNA = 2,00 M, ÁREA DE INFILTRAÇÃO: 13,1 M² (PARA 5 CONTRIBUINTES)","un",1,3043.89,{"$f":"G47*K1","v":3832.5618990000003},{"$f":"ROUND(F47*H47,2)","v":3832.56},3043.89]
["6.38",null,null,"SERVIÇOS DIVERSOS",{"$nulls":4},{"$f":"SUM(I49:I54)","v":37325.880000000005}]
["6.39","CPU","CPU003",{"$f":"[2]CPU!$A$140","v":"CORTE DE CONTAINER PARA ESQUADRIAS"},{"$f":"[2]CPU!$I$140","v":"m²"},12.65,{"$f":"J49","v":226.15999999999997},{"$f":"(J49*K$1)","v":284.75805600000001},{"$f":"ROUND(F49*H49,2)","v":3602.19},{"$f":"CPU!I50","v":226.15999999999997}]
["6.40","CPU","CPU004",{"$f":"[2]CPU!$A$182","v":"MODIFICAÇÕES NO CONTAINER COM CORTE POR ESMERILHADEIRA "},{"$f":"[2]CPU!$I$182","v":"m"},57.68,118.03,148.61157300000002,8571.92,{"$f":"CPU!I68","v":118.03}]
["6.41","CPU","CPU005",{"$f":"[2]CPU!$A$200","v":"MODIFICAÇÕES NO CONTAINER UNIÃO ATRAVÉS DO PROCESSO DE SOLDAGEM, INCLUSO IÇAMENTO DO CONTAINER"},{"$f":"[2]CPU!$I$200","v":"m"},40.799999999999997,375.05942600000003,472.23732327660008,19267.28,{"$f":"CPU!I90","v":375.05942600000003}]
["6.42","ORSE","00900/ORSE","ESCADA DE FERRO COM GUARDA-CORPO","m",0.9,601.49,754.56920500000001,679.11,601.49]
["6.43","CPU","CPU011","GUARDA-CORPO DE AÇO CARBONO, MONTANTES TUBULARES DE 1.1/2\" ESPAÇADOS EM 0,75M, ALTURA APROXIMADA DE 0,90M, PREPARADO COM FUNDO E TINTA EPÓXI NA COR AMARELA","m",1.9,486.26658633333335,{"$f":"G53*$K$1","v":612.25825885230006},1163.29,{"$f":"CPU!I180","v":486.26658633333335}]
["6.44","CPU","CPU013","FORNECIMENTO E INSTALAÇÃO DE SUPORTE PARA CAIXA D'ÁGUA EM METALON","un",1,3210.3036204,{"$f":"(J54*K$1)","v":4042.0932884456402},4042.09,{"$f":"CPU!I234","v":3210.3036204}]
["6.45",null,null,"MATERIAIS",{"$nulls":4},{"$f":"SUM(I56:I104)","v":160552.38}]
["6.46","Cotação",null,"CONTAINER HIGH CUBE 40 PÉS 12,2X2,3X2,9 (COMPXLARGXALTU)","un",2,{"$f":"J56","v":21932},{"$f":"(G56*K$2)","v":24914.751999999997},{"$f":"ROUND(F56*H56,2)","v":49829.5},{"$f":"CPU!I214","v":21932}]
["6.47","Sinapi",89356,"TUBO PVC, SOLDAVEL, DN 25 MM, AGUA FRIA (NBR-5648)","m",6,22.82,{"$f":"(G57*K$2)","v":25.923519999999996},155.54,22.82]
["6.48","Sinapi",89357,"TUBO PVC, SOLDAVEL, DN 32 MM, AGUA FRIA (NBR-5648)","m",18,31.37,35.636319999999998,641.45000000000005,31.37]
["6.49","Sinapi",89448,"TUBO PVC, SOLDAVEL, DN 40 MM, AGUA FRIA (NBR-5648) ","m",3,15.93,18.09648,54.29,15.93]
["6.50","Sinapi",9838,"TUBO PVC SERIE NORMAL, DN 50 MM, PARA ESGOTO PREDIAL (NBR 5688) ","m",30,10.09,11.46224,343.87,10.09]
["6.51","Sinapi",89362,"JOELHO 90 GRAUS, PVC, SOLDÁVEL, DN 25MM, INSTALADO EM RAMAL OU SUB-RAMAL DE ÁGUA - FORNECIMENTO E INSTALAÇÃO. AF_06/2022","un",5,9.06,10.292159999999999,51.46,9.06]
["6.52","Sinapi",89367,"JOELHO 90 GRAUS, PVC, SOLDÁVEL, DN 32MM, INSTALADO EM RAMAL OU SUB-RAMAL DE ÁGUA - FORNECIMENTO E INSTALAÇÃO. AF_06/2022","un",4,12.48,14.17728,56.71,12.48]
["6.53","Sinapi",89497,"JOELHO 90 GRAUS, PVC, SOLDÁVEL, DN 40MM, INSTALADO EM PRUMADA DE ÁGUA - FORNECIMENTO E INSTALAÇÃO. AF_06/2022","un",3,12.52,14.222719999999999,42.67,12.52]
["6.54","Sinapi",3874,"LUVA SOLDAVEL COM BUCHA DE LATÃO DN25X1/2\"","un",5,5.91,6.7137599999999997,33.57,5.91]
["6.55","Sinapi",12909,"CAP PVC, SOLDAVEL, DN 50 MM, SERIE NORMAL, PARA ESGOTO PREDIAL","un",3,4.2,4.7711999999999994,14.31,4.2]
["6.56","Sinapi",7136,"TE DE REDUCAO, PVC, SOLDAVEL, 90 GRAUS, 32 MM X 25 MM, PARA AGUA FRIA PREDIAL","un",5,6.6,7.4975999999999985,37.49,6.6]
["6.57","Sinapi",97,"ADAPTADOR CAIXA DÁGUA COM REGISTRO DN32","un",1,18.3,20.788799999999998,20.79,18.3]
["6.58","Sinapi",98,"ADAPTADOR CAIXA D'AGUA COM REGISTRO DN 40","un",1,27.39,31.115039999999997,31.12,27.39]
["6.59","Sinapi",11871,"CAIXA D'AGUA EM POLIETILENO 500 LITROS, COM TAMPA","un",1,458.59,520.95823999999993,520.96,458.59]
["6.60","Sinapi",94795,"TORNEIRA DE BOIA PARA CAIXA D'ÁGUA, ROSCÁVEL, 1/2\" - FORNECIMENTO E INSTALAÇÃO. AF_08/2021","un",1,29.96,34.034559999999999,34.03,29.96]
["6.61","Sinapi",799,"BUCHA DE REDUCAO PVC, ROSCAVEL, 1\" X 1/2\"","un",1,3.46,3.9305599999999994,3.93,3.46]
["6.62","Sinapi",11746,"VALVULA DE ESFERA BRUTA EM BRONZE, BITOLA 1\"","un",1,73.430000000000007,83.416480000000007,83.42,73.430000000000007]
["6.63","Sinapi",4177,"NIPLE DE 1/2\" EM PVC, INCLUSIVE ACESSÓRIOS DE VEDAÇÃO","un",1,5.47,6.213919999999999,{"$f":"ROUND(F73*H73,2)","v":6.21},5.47]
["6.64","Sinapi",3855,"LUVA SOLDAVEL COM BUCHA DE LATÃO DN25X1/2\"","un",1,5.0999999999999996,5.7935999999999988,{"$f":"ROUND(F74*H74,2)","v":5.79},5.0999999999999996]
["6.65","Sinapi",11674,"REGISTRO DE ESFERA, PVC, COM VOLANTE, VS, SOLDAVEL, DN 25 MM, COM CORPO DIVIDIDO","un",1,13.03,14.802079999999998,{"$f":"ROUND(F75*H75,2)","v":14.8},13.03]
["6.66","Sinapi",35277,"CAIXA DE GORDURA EM PVC, DIAMETRO MINIMO 300 MM, DIAMETRO DE SAIDA 100 MM CAPACIDADE APROXIMADA 18 LITROS, COM TAMPA E CESTO","un",2,371.46,421.97855999999996,{"$f":"ROUND(F76*H76,2)","v":843.96},371.46]
["6.67","Sinapi",89482,"CAIXA SIFONADA, PVC, DN 100 X 100 X 50 MM, FORNECIDA E INSTALADA EM RAMAIS DE ENCAMINHAMENTO DE ÁGUA PLUVIAL. AF_06/2022","un",5,38.619999999999997,43.872319999999995,219.36,38.619999999999997]
["6.68","Sinapi",89502,"JOELHO 45 GRAUS, PVC, SOLDÁVEL, DN 50MM, INSTALADO EM PRUMADA DE ÁGUA - FORNECIMENTO E INSTALAÇÃO. AF_06/2022","un",4,15.96,18.130559999999999,72.52,15.96]
["6.69","Sinapi",89501,"JOELHO 90 GRAUS, PVC, SOLDÁVEL, DN 50MM, INSTALADO EM PRUMADA DE ÁGUA - FORNECIMENTO E INSTALAÇÃO. AF_06/2022","un",10,13.5,15.335999999999999,153.36000000000001,13.5]
["6.70","Sinapi",103995,"LUVA, PVC, SOLDÁVEL, DN 50MM, INSTALADO EM RAMAL DE DISTRIBUIÇÃO DE ÁGUA - FORNECIMENTO E INSTALAÇÃO. AF_06/2022","un",21,14.21,16.14256,338.99,14.21]
["6.71","Sinapi",89567,"JUNÇÃO SIMPLES, PVC, SERIE R, ÁGUA PLUVIAL, DN 100 X 100 MM, JUNTA ELÁSTICA, FORNECIDO E INSTALADO EM RAMAL DE ENCAMINHAMENTO. AF_06/2022","un",6,75.59,85.870239999999995,515.22,75.59]
["6.72","Sinapi",12909,"CAP PVC, SOLDAVEL, DN 50 MM, SERIE NORMAL, PARA ESGOTO","un",1,4.2,4.7711999999999994,4.7699999999999996,4.2]
["6.73","Sinapi",34628,"DISJUNTOR TIPO DIN/IEC, BIPOLAR 63 A","un",1,68.66,77.997759999999985,78,68.66]
["6.74","Sinapi",34616,"DISJUNTOR TIPO DIN/IEC, BIPOLAR DE 6 ATE 32A","un",6,48.68,55.300479999999993,331.8,48.68]
["6.75","ORSE","07943/ORSE","DISJUNTOR BIPOLAR DR 25A - DISPOSITIVO DIFERENCIAL RESIDUAL, TIPO AC, 30MA","un",3,278.5,309.13500000000005,927.41,278.5]
["6.76","Sinapi",39805,"QUADRO DE DISTRIBUICAO, EM PVC, DE EMBUTIR, COM BARRAMENTO TERRA / NEUTRO, PARA 12 DISJUNTORES NEMA OU 16 DISJUNTORES DIN","un",1,140.25,159.32399999999998,159.32,140.25]
["6.77","Sinapi",1014,"CABO DE COBRE, FLEXIVEL, CLASSE 4 OU 5, ISOLACAO EM PVC/A, ANTICHAMA BWF-B, 1 CONDUTOR, 450/750 V, SECAO NOMINAL 2,5 MM2","m",397.5,2.63,2.9876799999999997,1187.5999999999999,2.63]
["6.78","Sinapi",39471,"DISPOSITIVO DPS CLASSE II, 1 POLO, TENSAO MAXIMA DE 275 V, CORRENTE MAXIMA DE *45* KA (TIPO AC)","un",2,97.77,111.06671999999999,222.13,97.77]
["6.79","Sinapi",981,"CABO DE COBRE, FLEXIVEL, CLASSE 4 OU 5, ISOLACAO EM PVC/A, ANTICHAMA BWF-B, 1 CONDUTOR, 450/750 V, SECAO NOMINAL 4 MM2","m",77.58,4.3600000000000003,4.95296,384.25,4.3600000000000003]
["6.80","Sinapi",993,"CABO DE COBRE, FLEXIVEL, CLASSE 4 OU 5, ISOLACAO EM PVC/A, ANTICHAMA BWF-B, COBERTURA PVC-ST1, ANTICHAMA BWF-B, 1 CONDUTOR, 0,6/1 KV, SECAO NOMINAL 1,5 MM2","m",396.4,2.2400000000000002,2.5446400000000002,1008.7,2.2400000000000002]
["6.81","Sinapi",38076,"TOMADAS (2 MODULOS) 2P+T 10A, 250V, CONJUNTO MONTADO PARA EMBUTIR 4\" X 2\" (PLACA + SUPORTE + MODULOS)","un",11,15.92,18.08512,198.94,15.92]
["6.82","Sinapi",1871,"CAIXA OCTOGONAL DE FUNDO MOVEL, EM PVC, DE 3\" X 3\", PARA ELETRODUTO FLEXIVEL CORRUGADO","un",8,3.44,3.9078399999999998,31.26,3.44]
["6.83","Sinapi",2689,"ELETRODUTO PVC FLEXIVEL CORRUGADO, COR AMARELA, DE 20 MM","m",15.53,1.85,2.1015999999999999,32.64,1.85]
["6.84","Sinapi",2688,"ELETRODUTO PVC FLEXIVEL CORRUGADO, COR AMARELA, DE 25 MM","m",71.739999999999995,2.0099999999999998,2.2833599999999996,163.81,2.0099999999999998]
["6.85","Sinapi",20111,"FITA ISOLANTE ADESIVA ANTICHAMA, USO ATE 750 V, EM ROLO DE 19 MM X 20 M","un",6,9.5,10.792,64.75,9.5]
["6.86","Sinapi",1873,"CAIXA DE PASSAGEM, EM PVC, DE 4\" X 4\", PARA ELETRODUTO FLEXIVEL CORRUGADO","un",1,3.82,4.3395199999999994,4.34,3.82]
["6.87","Sinapi",38063,"INTERRUPTOR PARALELO 10A, 250V, CONJUNTO MONTADO PARA EMBUTIR 4\" X 2\" (PLACA + SUPORTE + MODULO)","un",4,8.57,9.7355199999999993,38.94,8.57]
["6.88","Sinapi",38078,"INTERRUPTOR PARALELO + TOMADA 2P+T 10A, 250V, CONJUNTO MONTADO PARA EMBUTIR 4\" X 2\" (PLACA + SUPORTE + MODULOS)","un",1,14.7,16.699199999999998,16.7,14.7]
["6.89","Sinapi",38775,"LUMINARIA TIPO TARTARUGA PARA AREA EXTERNA EM ALUMINIO, COM GRADE, PARA 1 LAMPADA, BASE E27, POTENCIA MAXIMA 40/60 W (NAO INCLUI LAMPADA)","un",8,80.790000000000006,91.777439999999999,734.22,80.790000000000006]
["6.90","Sinapi",10569,"CAIXA DE PASSAGEM / DERIVACAO / LUZ, OCTOGONAL 4 X4, EM ACO ESMALTADA, COM FUNDO MOVEL SIMPLES (FMS)","un",6,3.16,3.5897600000000001,{"$f":"ROUND(F100*H100,2)","v":21.54},3.16]
["6.91","Sinapi",100954,"TRANSPORTE COM CAMINHÃO CARROCERIA COM GUINDAUTO (MUNCK),  MOMENTO MÁXIMO DE CARGA 11,7 TM, EM VIA INTERNA (DENTRO DO CANTEIRO - UNIDADE: TXKM). AF_07/2020","TXKM",600,9.06,10.292159999999999,{"$f":"ROUND(F101*H101,2)","v":6175.3},9.06]
["6.92","Sinapi",100788,"KIT CAVALETE PARA GÁS - SEM MEDIDOR OU REGULADOR - ENTRADA INDIVIDUAL PRINCIPAL, EM AÇO GALVANIZADO DN 15 E 25 MM (1/2\" E 1\") - FORNECIMENTO E INSTALAÇÃO","und",1,703.46,799.13055999999995,{"$f":"ROUND(F102*H102,2)","v":799.13},703.46]
["6.93","CPU","CPU008","CHAPA XADREZ EM ALUMINIO PARA PISO e:3mm, INCLUSO REBITE PARA FIXAÇÃO - APENAS MATERIAL","m²",56.543999999999997,462.57279999999997,525.48270079999998,{"$f":"ROUND(F103*H103,2)","v":29712.89},{"$f":"CPU!I132","v":462.57279999999997}]
["6.94","CPU","CPU006","REVESTIMENTO DE PAREDES EM CHAPAS DE AÇO INOXIDÁVEL AISI 304  - APENAS MATERIAL","m²",160.29,352.18199999999996,400.07875199999989,{"$f":"ROUND(F104*H104,2)","v":64128.62},{"$f":"CPU!I102","v":352.18199999999996}]

{"sheet":"CPU","index":2,"n_rows":234,"n_cols":13,"rows_kept":234,"cut":false,"hidden":false,"merged":[[7,0,7,7],[8,0,8,6],[5,0,5,8],[6,0,6,8],[0,0,0,8],[1,0,1,8],[2,0,2,8],[3,0,4,6],[3,7,3,8],[4,7,4,8],[17,0,17,7],[18,0,18,7],[19,0,19,8],[20,0,20,7],[21,0,21,6],[22,0,22,6],[9,0,9,6],[10,0,10,8],[14,0,14,7],[15,0,15,2],[15,4,15,7],[16,0,16,7],[32,0,32,8],[33,0,33,7],[34,0,34,6],[31,0,31,7],[23,0,23,8],[27,0,27,7],[28,0,28,2],[28,4,28,7],[29,0,29,7],[30,0,30,7],[47,0,47,7],[48,0,48,7],[49,0,49,7],[50,0,50,8],[35,0,35,6],[36,0,36,8],[40,0,40,7],[41,0,41,8],[45,0,45,7],[46,0,46,2],[46,4,46,7],[58,0,58,7],[59,0,59,8],[63,0,63,7],[64,0,64,2],[64,4,64,7],[65,0,65,7],[51,0,51,7],[52,0,52,6],[53,0,53,6],[54,0,54,8],[72,0,72,8],[77,0,77,7],[78,0,78,8],[81,0,81,7],[82,0,82,8],[85,0,85,7],[66,0,66,7],[67,0,67,7],[68,0,68,8],[69,0,69,7],[70,0,70,6],[71,0,71,6],[124,0,124,6],[125,0,125,8],[130,0,130,7],[129,0,129,7],[131,0,131,7],[133,0,133,7],[134,0,134,6],[86,0,86,2],[86,4,86,7],[87,0,87,7],[88,0,88,7],[89,0,89,7],[90,0,90,8],[91,0,91,7],[92,0,92,6],[93,0,93,6],[94,0,94,8],[122,0,122,7],[99,0,99,7],[100,0,100,7],[101,0,101,7],[123,0,123,6],[118,0,118,7],[119,0,119,7],[232,0,232,7],[233,0,233,7],[224,0,224,7],[225,0,225,8],[229,0,229,7],[230,0,230,2],[230,4,230,7],[231,0,231,7],[212,0,212,7],[213,0,213,7],[215,0,215,7],[216,0,216,6],[217,0,217,6],[218,0,218,8],[205,0,205,7],[206,0,206,8],[209,0,209,7],[210,0,210,2],[210,4,210,7],[211,0,211,7],[178,0,178,7],[179,0,179,7],[198,0,198,7],[183,0,183,6],[184,0,184,8],[188,0,188,7],[189,0,189,8],[193,0,193,2],[193,4,193,7],[194,0,194,7],[195,0,195,7],[199,0,199,6],[200,0,200,6],[201,0,201,8],[192,0,192,7],[196,0,196,7],[135,0,135,6],[136,0,136,8],[141,0,141,2],[141,4,141,7],[142,0,142,7],[143,0,143,7],[145,0,145,7],[146,0,146,6],[147,0,147,6],[140,0,140,7],[148,0,148,8],[152,0,152,7],[153,0,153,2],[153,4,153,7],[154,0,154,7],[155,0,155,7],[156,0,156,7],[181,0,181,7],[182,0,182,6],[170,0,170,7],[171,0,171,8],[175,0,175,7],[176,0,176,2],[176,4,176,7],[177,0,177,7],[158,0,158,7],[159,0,159,6],[160,0,160,6],[161,0,161,8],[157,0,157,8],[120,0,120,7],[98,0,98,7],[103,0,103,7],[104,0,104,6],[105,0,105,6],[106,0,106,8],[111,0,111,7],[112,0,112,8],[116,0,116,7],[117,0,117,2],[117,4,117,7]]}
["MINISTÉRIO DA INTEGRAÇÃO E DO DESENVOLVIMENTO REGIONAL - MIDR"]
["COMPANHIA DE DESENVOLVIMENTO DOS VALES DO SÃO FRANCISCO E DO PARNAÍBA"]
["SEDE"]
["PLANILHA ORÇAMENTÁRIA DE ESTIMATIVA GERAL PARA O ESTADO DO RIO GRANDE DO NORTE",{"$nulls":6},"Base SINAPI-RN 03/2025       ORSE 02/2025"]
[{"$nulls":7},"Data: Maio/2025"]
["COMPOSIÇÕES DE PREÇO UNITÁRIO"]
[]
[" COMPOSIÇÃO DE PREÇO UNITÁRIO",{"$nulls":7},"CPU001"]
["DESCRIÇÃO DO SERVIÇO",{"$nulls":6},"DATA BASE: ","2025-03-01"]
["EXECUÇÃO DE INSTALAÇÕES HIDROSSANITÁRIAS, EXCLUSIVE EQUIPAMENTOS",{"$nulls":6},"UNIDADE: ","cj"]
["MÃO DE OBRA"]
["BASE","CÓDIGO","DISCRIMINAÇÃO","UNI","QUANT.",null,null,"P.UNIT.","P.TOTAL"]
["SINAPI",88316,"SERVENTE DE OBRAS ","h",80,null,null,22.41,{"$f":"E13*H13","v":1792.8}]
["SINAPI",88309,"PEDREIRO","h",40,null,null,26.5,{"$f":"E14*H14","v":1060}]
["SUB-TOTAL",{"$nulls":7},{"$f":"SUM(I13:I14)","v":2852.8}]
["PRODUÇÃO DA EQUIPE",null,null,1,"CUSTO ",null,null,null,{"$f":"SUM(I15)","v":2852.8}]
["TOTAL - R$",{"$nulls":7},{"$f":"I16/D16","v":2852.8}]
["BDI                %",{"$nulls":7},1]
["TOTAL DO SERVIÇO - R$",{"$nulls":7},{"$f":"I17*I18","v":2852.8}]
[]
[" COMPOSIÇÃO DE PREÇO UNITÁRIO",{"$nulls":7},"CPU002"]
["DESCRIÇÃO DO SERVIÇO",{"$nulls":6},"DATA BASE: ","2025-03-01"]
["EXECUÇÃO DE INSTALAÇÕES ELÉTRICAS, EXCLUSIVE EQUIPAMENTOS",{"$nulls":6},"UNIDADE: ","cj"]
["MÃO DE OBRA"]
["BASE","CÓDIGO","DISCRIMINAÇÃO","UNI","QUANT.",null,null,"P.UNIT.","P.TOTAL"]
["SINAPI",88247,"AUXILIAR DE ELETRICISTA","h",80,null,null,24.2,{"$f":"E26*H26","v":1936}]
["SINAPI",88264,"ELETRICISTA","h",40,null,null,29.74,{"$f":"E27*H27","v":1189.5999999999999}]
["SUB-TOTAL",{"$nulls":7},{"$f":"SUM(I26:I27)","v":3125.6}]
["PRODUÇÃO DA EQUIPE",null,null,1,"CUSTO ",null,null,null,{"$f":"SUM(I28)","v":3125.6}]
["TOTAL - R$",{"$nulls":7},{"$f":"I29/D29","v":3125.6}]
["BDI                %",{"$nulls":7},1]
["TOTAL DO SERVIÇO - R$",{"$nulls":7},{"$f":"I30*I31","v":3125.6}]
[]
[" COMPOSIÇÃO DE PREÇO UNITÁRIO",{"$nulls":7},"CPU003"]
["DESCRIÇÃO DO SERVIÇO",{"$nulls":6},"DATA BASE: ","2025-03-01"]
["CORTE DE CONTAINER PARA ESQUADRIAS",{"$nulls":6},"UNIDADE: ","m²"]
["MATERIAL"]
["BASE","CÓDIGO","DISCRIMINAÇÃO","UNI","QUANT.",null,null,"P.UNIT.","P.TOTAL"]
["SINAPI",11359,"ESMERILHADEIRA ANGULAR ELETRICA, DIAMETRO DO DISCO 7 '' (180 MM), ROTACAO 8500RPM, POTENCIA 2400 W","un",7.0999999999999994E-2,null,null,1100,{"$f":"E39*H39","v":78.099999999999994}]
["SINAPI",44531,"DISCO DE CORTE DIAMANTADO SEGMENTADO DIAMETRO DE 180 MM PARA ESMERILHADEIRA 7 \"","un",1,null,null,119.17,{"$f":"E40*H40","v":119.17}]
["SUB-TOTAL",{"$nulls":7},{"$f":"SUM(I39:I40)","v":197.26999999999998}]
["MÃO DE OBRA"]
["BASE","CÓDIGO","DISCRIMINAÇÃO","UNI","QUANT.",null,null,"P.UNIT.","P.TOTAL"]
["SINAPI",88317,"SOLDADOR COM ENCARGOS COMPLEMENTARES ","h",0.5,null,null,31.46,{"$f":"E44*H44","v":15.73}]
["SINAPI",88315,"SERRALHEIRO COM ENCARGOS COMPLEMENTARES ","h",0.5,null,null,26.32,{"$f":"E45*H45","v":13.16}]
["SUB-TOTAL",{"$nulls":7},{"$f":"SUM(I44:I45)","v":28.89}]
["PRODUÇÃO DA EQUIPE",null,null,1,"CUSTO ",null,null,null,{"$f":"I46+I41","v":226.15999999999997}]
["TOTAL - R$",{"$nulls":7},{"$f":"I47/D47","v":226.15999999999997}]
["BDI                %",{"$nulls":7},1]
["TOTAL DO SERVIÇO - R$",{"$nulls":7},{"$f":"I48*I49","v":226.15999999999997}]
[]
[" COMPOSIÇÃO DE PREÇO UNITÁRIO",{"$nulls":7},"CPU004"]
["DESCRIÇÃO DO SERVIÇO",{"$nulls":6},"DATA BASE: ","2025-03-01"]
["MODIFICAÇÕES NO CONTAINER COM CORTE POR ESMERILHADEIRA ",{"$nulls":6},"UNIDADE: ","m"]
["MATERIAL"]
["BASE","CÓDIGO","DISCRIMINAÇÃO","UNI","QUANT.",null,null,"P.UNIT.","P.TOTAL"]
["SINAPI",11359,"ESMERILHADEIRA ANGULAR ELETRICA, DIAMETRO DO DISCO 7 '' (180 MM), ROTACAO 8500RPM, POTENCIA 2400 W","un",0.04,null,null,1100,{"$f":"E57*H57","v":44}]
["SINAPI",44531,"DISCO DE CORTE DIAMANTADO SEGMENTADO DIAMETRO DE 180 MM PARA ESMERILHADEIRA 7 \"","un",0.5,null,null,119.17,{"$f":"E58*H58","v":59.585000000000001}]
["SUB-TOTAL",{"$nulls":7},{"$f":"SUM(I57:I58)","v":103.58500000000001}]
["MÃO DE OBRA"]
["BASE","CÓDIGO","DISCRIMINAÇÃO","UNI","QUANT.",null,null,"P.UNIT.","P.TOTAL"]
["SINAPI",88317,"SOLDADOR COM ENCARGOS COMPLEMENTARES ","h",0.25,null,null,31.46,{"$f":"E62*H62","v":7.8650000000000002}]
["SINAPI",88315,"SERRALHEIRO COM ENCARGOS COMPLEMENTARES ","h",0.25,null,null,26.32,{"$f":"E63*H63","v":6.58}]
["SUB-TOTAL",{"$nulls":7},{"$f":"SUM(I62:I63)","v":14.445}]
["PRODUÇÃO DA EQUIPE",null,null,1,"CUSTO ",null,null,null,{"$f":"I64+I59","v":118.03}]
["TOTAL - R$",{"$nulls":7},{"$f":"I65/D65","v":118.03}]
["BDI                %",{"$nulls":7},1]
["TOTAL DO SERVIÇO - R$",{"$nulls":7},{"$f":"I66*I67","v":118.03}]
[]
[" COMPOSIÇÃO DE PREÇO UNITÁRIO",{"$nulls":7},"CPU005"]
["DESCRIÇÃO DO SERVIÇO",{"$nulls":6},"DATA BASE: ","2025-03-01"]
["MODIFICAÇÕES NO CONTAINER UNIÃO ATRAVÉS DO PROCESSO DE SOLDAGEM, INCLUSO IÇAMENTO DO CONTAINER",{"$nulls":6},"UNIDADE: ","m"]
["EQUIPAMENTO"]
["BASE","CÓDIGO","DISCRIMINAÇÃO","UNI","QUANT.",null,null,"P.UNIT.","P.TOTAL"]
["SINAPI",92716,"APARELHO PARA CORTE E SOLDA OXI-ACETILENO SOBRE RODAS, INCLUSIVE CILINDROS E MAÇARICOS ","chp",0.18459999999999999,null,null,109.37,{"$f":"E75*H75","v":20.189702}]
["SINAPI",92715,"APARELHO PARA CORTE E SOLDA OXI-ACETILENO SOBRE RODAS, INCLUSIVE CILINDROS E MAÇARICOS - MATERIAIS NA OPERAÇÃO. ","h",1.56,null,null,109,{"$f":"E76*H76","v":170.04}]
["SINAPI",5928,"GUINDAUTO HIDRÁULICO, CAPACIDADE MÁXIMA DE CARGA 6200 KG, MOMENTO MÁXIMO DE CARGA 11,7 TM, ALCANCE MÁXIMO HORIZONTAL 9,70 M, INCLUSIVE CAMINHÃO TOCO PBT 16.000 KG, POTÊNCIA DE 189 CV","chp",0.23880000000000001,null,null,294.23,{"$f":"E77*H77","v":70.262124000000014}]
["SUB-TOTAL",{"$nulls":7},{"$f":"SUM(I75:I77)","v":260.491826}]
["SERVIÇOS - COMPOSIÇÕES AUXILIARES"]
["BASE","CÓDIGO","DISCRIMINAÇÃO","UNI","QUANT.",null,null,"P.UNIT.","P.TOTAL"]
["SINAPI",98746,"SOLDA DE TOPO EM CHAPA/PERFIL/TUBO DE AÇO CHANFRADO, ESPESSURA=1/4''. ","m",1,null,null,65.489999999999995,{"$f":"E81*H81","v":65.489999999999995}]
["SUB-TOTAL",{"$nulls":7},{"$f":"SUM(I81:I81)","v":65.489999999999995}]
["MÃO DE OBRA"]
["BASE","CÓDIGO","DISCRIMINAÇÃO","UNI","QUANT.",null,null,"P.UNIT.","P.TOTAL"]
["SINAPI",88317,"SOLDADOR COM ENCARGOS COMPLEMENTARES ","h",1.56,null,null,31.46,{"$f":"E85*H85","v":49.077600000000004}]
["SUB-TOTAL",{"$nulls":7},{"$f":"SUM(I85:I85)","v":49.077600000000004}]
["PRODUÇÃO DA EQUIPE",null,null,1,"CUSTO ",null,null,null,{"$f":"I86+I78+I82","v":375.05942600000003}]
["TOTAL - R$",{"$nulls":7},{"$f":"I87/D87","v":375.05942600000003}]
["BDI                %",{"$nulls":7},1]
["TOTAL DO SERVIÇO - R$",{"$nulls":7},{"$f":"I88*I89","v":375.05942600000003}]
[]
[" COMPOSIÇÃO DE PREÇO UNITÁRIO",{"$nulls":7},"CPU006"]
["DESCRIÇÃO DO SERVIÇO",{"$nulls":6},"DATA BASE: ","2025-03-01"]
["REVESTIMENTO DE PAREDES EM CHAPAS DE AÇO INOXIDÁVEL AISI 304 - CONSIDERANDO CHAPA DE 1,2mm",{"$nulls":6},"UNIDADE: ","M²"]
["MATERIAL"]
["BASE","CÓDIGO","DISCRIMINAÇÃO","UNI","QUANT.",null,null,"P.UNIT.","P.TOTAL"]
["COTAÇÃO",null,"CHAPAS DE AÇO INOXIDÁVEL AISI 304","KG",9.6,null,null,34,{"$f":"E97*H97","v":326.39999999999998}]
["SINAPI",131,"ADESIVO ESTRUTURAL A BASE DE RESINA EPOXI, BICOMPONENTE, PASTOSO (TIXOTROPICO)","KG",0.6,null,null,42.97,{"$f":"H98*E98","v":25.782}]
["SUB-TOTAL",{"$nulls":7},{"$f":"SUM(I97:I98)","v":352.18199999999996}]
["TOTAL - R$",{"$nulls":7},{"$f":"I99","v":352.18199999999996}]
["BDI                %",{"$nulls":7},1]
["TOTAL DO SERVIÇO - R$",{"$nulls":7},{"$f":"I100*I101","v":352.18199999999996}]
[]
[" COMPOSIÇÃO DE PREÇO UNITÁRIO",{"$nulls":7},"CPU007"]
["DESCRIÇÃO DO SERVIÇO",{"$nulls":6},"DATA BASE: ","2025-03-01"]
["REVESTIMENTO CERÂMICO PARA PISO COM PLACAS TIPO ESMALTADA DE DIMENSÕES 45x45cm COM ARGAMASSA AC III",{"$nulls":6},"UNIDADE: ","m²"]
["MATERIAL"]
["BASE","CÓDIGO","DISCRIMINAÇÃO","UNI","QUANT.",null,null,"P.UNIT.","P.TOTAL"]
["Sinapi",37596,"ARGAMASSA COLANTE TIPO AC III E","KG",9.1325000000000003,null,null,3.21,{"$f":"E109*H109","v":29.315325000000001}]
["Sinapi",1287,"PISO EM CERAMICA ESMALTADA EXTRA, COR LISA, PEI MAIOR OU IGUAL A 4, FORMATO MENOR OU IGUAL A 5 CM2","m²",1.1135999999999999,null,null,30.79,{"$f":"E110*H110","v":34.287743999999996}]
["Sinapi",34357,"REJUNTE CIMENTÍCIO, QUALQUER COR","KG",0.188,null,null,5.34,{"$f":"E111*H111","v":1.0039199999999999}]
["SUB-TOTAL",{"$nulls":7},{"$f":"SUM(I109:I111)","v":64.606988999999999}]
["MÃO DE OBRA"]
["BASE","CÓDIGO","DISCRIMINAÇÃO","UNI","QUANT.",null,null,"P.UNIT.","P.TOTAL"]
["SINAPI",88317,"AZULEJISTA OU LADRILHISTA COM ENCARGOS COMPLEMENTARES","h",0.80640000000000001,null,null,31.46,{"$f":"E115*H115","v":25.369344000000002}]
["SINAPI",88316,"SERVENTE COM ENCARGOS COMPLEMENTARES","h",0.20680000000000001,null,null,22.41,{"$f":"E116*H116","v":4.6343880000000004}]
["SUB-TOTAL",{"$nulls":7},{"$f":"SUM(I115:I116)","v":30.003732000000003}]
["PRODUÇÃO DA EQUIPE",null,null,1,"CUSTO ",null,null,null,{"$f":"I117+I112","v":94.610720999999998}]
["TOTAL - R$",{"$nulls":7},{"$f":"I118/D118","v":94.610720999999998}]
["BDI                %",{"$nulls":7},1]
["TOTAL DO SERVIÇO - R$",{"$nulls":7},{"$f":"I119*I120","v":94.610720999999998}]
[]
[" COMPOSIÇÃO DE PREÇO UNITÁRIO",{"$nulls":7},"CPU008"]
["DESCRIÇÃO DO SERVIÇO",{"$nulls":6},"DATA BASE: ","2025-03-01"]
["CHAPA XADREZ EM ALUMINIO PARA PISO e:3mm, INCLUSO REBITE PARA FIXAÇÃO   - MATERIAL",{"$nulls":6},"UNIDADE: ","m"]
["MATERIAL"]
["BASE","CÓDIGO","DISCRIMINAÇÃO","UNI","QUANT.",null,null,"P.UNIT.","P.TOTAL"]
["SINAPI",1337,"CHAPA DE ACO XADREZ PARA PISOS, E = 1/4\" (6,30 MM) 54,53 KG/M2","kg",38,null,null,10.16,{"$f":"E128*H128","v":386.08}]
["SINAPI",10997,"ELETRODO REVESTIDO AWS - E7018, DIAMETRO IGUAL A 4,00 MM","Kg",2.88,null,null,26.56,{"$f":"E129*H129","v":76.492799999999988}]
["SUB-TOTAL",{"$nulls":7},{"$f":"SUM(I128:I129)","v":462.57279999999997}]
["BDI                %",{"$nulls":7},1]
["TOTAL DO SERVIÇO - R$",{"$nulls":7},{"$f":"I130","v":462.57279999999997}]
[]
[" COMPOSIÇÃO DE PREÇO UNITÁRIO",{"$nulls":7},"CPU009"]
["DESCRIÇÃO DO SERVIÇO",{"$nulls":6},"DATA BASE: ","2025-03-01"]
["CHAPA XADREZ EM ALUMINIO PARA PISO e:3mm, INCLUSO REBITE PARA FIXAÇÃO   -  MÃO DE OBRA",{"$nulls":6},"UNIDADE: ","m"]
["MÃO DE OBRA"]
["BASE","CÓDIGO","DISCRIMINAÇÃO","UNI","QUANT.",null,null,"P.UNIT.","P.TOTAL"]
["SINAPI",88315,"SERRALHEIRO COM ENCARGOS","H",8.99,null,null,26.32,{"$f":"E139*H139","v":236.61680000000001}]
["SINAPI",88316,"SERVENTE COM ENCARGOS COMPLEMENTARES","H",6.42,null,null,22.41,{"$f":"E140*H140","v":143.87219999999999}]
["SUB-TOTAL",{"$nulls":7},{"$f":"SUM(I139:I140)","v":380.48900000000003}]
["PRODUÇÃO DA EQUIPE",null,null,1,"CUSTO ",null,null,null,{"$f":"I141","v":380.48900000000003}]
["TOTAL - R$",{"$nulls":7},{"$f":"I142/D142","v":380.48900000000003}]
["TOTAL DO SERVIÇO - R$",{"$nulls":7},{"$f":"I142","v":380.48900000000003}]
[]
[" COMPOSIÇÃO DE PREÇO UNITÁRIO",{"$nulls":7},"CPU0010"]
["DESCRIÇÃO DO SERVIÇO",{"$nulls":6},"DATA BASE: ","2025-03-01"]
["REVESTIMENTO DE PAREDES EM CHAPAS DE AÇO INOXIDÁVEL AISI 304 - CONSIDERANDO CHAPA DE 1,2mm",{"$nulls":6},"UNIDADE: ","M²"]
["APENAS MÃO DE OBRA"]
["BASE","CÓDIGO","DISCRIMINAÇÃO","UNI","QUANT.",null,null,"P.UNIT.","P.TOTAL"]
["SINAPI",88317,"SOLDADOR COM ENCARGOS COMPLEMENTARES ","h",0.8,null,null,31.46,{"$f":"E151*H151","v":25.168000000000003}]
["SINAPI",88315,"SERRALHEIRO COM ENCARGOS COMPLEMENTARES ","h",0.8,null,null,26.32,{"$f":"E152*H152","v":21.056000000000001}]
["SUB-TOTAL",{"$nulls":7},{"$f":"SUM(I151:I152)","v":46.224000000000004}]
["PRODUÇÃO DA EQUIPE",null,null,1,"CUSTO ",null,null,null,{"$f":"I153","v":46.224000000000004}]
["TOTAL - R$",{"$nulls":7},{"$f":"I154/D154","v":46.224000000000004},null,null,27.6,"m²"]
["BDI                %",{"$nulls":7},1,null,null,27.78,"Kg/m²"]
["TOTAL DO SERVIÇO - R$",{"$nulls":7},{"$f":"I155*I156","v":46.224000000000004}]
[]
[" COMPOSIÇÃO DE PREÇO UNITÁRIO",{"$nulls":7},"CPU011"]
["DESCRIÇÃO DO SERVIÇO",{"$nulls":6},"DATA BASE: ","2025-03-01"]
["GUARDA-CORPO DE AÇO CARBONO, MONTANTES TUBULARES DE 1.1/2\" ESPAÇADOS EM 0,75M, ALTURA APROXIMADA DE 0,90M, PREPARADO COM FUNDO E TINTA EPÓXI NA COR AMARELA",{"$nulls":6},"UNIDADE: ","m"]
["MATERIAL"]
["BASE","CÓDIGO","DISCRIMINAÇÃO","UNI","QUANT.",null,null,"P.UNIT.","P.TOTAL"]
["SINAPI",1332,"CHAPA DE ACO GROSSA, ASTM A36, E = 3/8 \" (9,53 MM) 74,69 KG/M2","KG","0,8960000",null,null,9.0399999999999991,{"$f":"E164*H164","v":8.0998399999999986}]
["SINAPI",11002,"ELETRODO REVESTIDO AWS - E6013, DIAMETRO IGUAL A 2,50 MM","KG","0,0650000",null,null,25.5,{"$f":"E165*H165","v":1.6575}]
["SINAPI",11964,"PARAFUSO DE ACO TIPO CHUMBADOR PARABOLT, DIAMETRO 3/8\", COMPRIMENTO 75 MM","UN","3,3330000",null,null,2.5,8.3324999999999996]
["SINAPI",21001,"TUBO ACO CARBONO COM COSTURA, NBR 5580, CLASSE L, DN = 25 MM, E = 2,65 MM, 2,02 KG/M","M",1.0417000000000001,null,null,17.39,18.115163000000003]
["SINAPI",21003,"TUBO ACO CARBONO COM COSTURA, NBR 5580, CLASSE L, DN = 40 MM, E = 3,0 MM, 3,34 KG/M","M",3.0250000000000004,null,null,28.57,86.424250000000015]
["SINAPI",100719,"PINTURA COM TINTA ALQUÍDICA DE FUNDO (TIPO ZARCÃO) PULVERIZADA SOBRE PERFIL METÁLICO EXECUTADO EM FÁBRICA (POR DEMÃO). AF_01/2020_PE","M2",1.1000000000000001,null,null,10.67,11.737]
["SINAPI",100729,"PINTURA COM TINTA EPOXÍDICA DE ACABAMENTO PULVERIZADA SOBRE PERFIL METÁLICO EXECUTADO EM FÁBRICA (POR DEMÃO). AF_01/2020_PE","M2",1.1000000000000001,null,null,19.57,21.527000000000001]
["SUB-TOTAL",{"$nulls":7},{"$f":"SUM(I164:I170)","v":155.89325300000002}]
["MÃO DE OBRA"]
["BASE","CÓDIGO","DISCRIMINAÇÃO","UNI","QUANT.",null,null,"P.UNIT.","P.TOTAL"]
["SINAPI",88251,"AUXILIAR DE SERRALHEIRO COM ENCARGOS COMPLEMENTARES","H",8,null,null,23.75,{"$f":"H174*E174","v":190}]
["SINAPI",88315,"SERRALHEIRO COM ENCARGOS COMPLEMENTARES","H",5.333333333333333,null,null,26.32,{"$f":"H175*E175","v":140.37333333333333}]
["SUB-TOTAL",{"$nulls":7},{"$f":"SUM(I174:I175)","v":330.37333333333333}]
["PRODUÇÃO DA EQUIPE",null,null,1,"CUSTO ",null,null,null,{"$f":"I176+I171","v":486.26658633333335}]
["TOTAL - R$",{"$nulls":7},{"$f":"I177/D177","v":486.26658633333335}]
["BDI                %",{"$nulls":7},1]
["TOTAL DO SERVIÇO - R$",{"$nulls":7},{"$f":"I178*I179","v":486.26658633333335}]
[]
[" COMPOSIÇÃO DE PREÇO UNITÁRIO",{"$nulls":7},"CPU012"]
["DESCRIÇÃO DO SERVIÇO",{"$nulls":6},"DATA BASE: ","2025-03-01"]
["FORNECIMENTO DE CONTAINER DRY BOX 20 PÉS 6,1X2,21X2,6 (COMPXLARGXALTU)",{"$nulls":6},"UNIDADE: ","un"]
["MATERIAL"]
["BASE","CÓDIGO","DISCRIMINAÇÃO","UNI","QUANT.",null,null,"P.UNIT.","P.TOTAL"]
["COTAÇÃO","-","CONTAINER DRY BOX 20 PÉS 6,1X2,21X2,6 (COMPXLARGXALTU)","un",1,null,null,20803,{"$f":"E187*H187","v":20803}]
["COTAÇÃO","-","FRETE DE CONTAINER TIPO CIF","un",1,null,null,null,{"$f":"E188*H188","v":0}]
["SUB-TOTAL",{"$nulls":7},{"$f":"SUM(I187:I188)","v":20803}]
["MÃO DE OBRA"]
["BASE","CÓDIGO","DISCRIMINAÇÃO","UNI","QUANT.",null,null,"P.UNIT.","P.TOTAL"]
["-","-","-","-","-",null,null,"-","-"]
["SUB-TOTAL",{"$nulls":7},{"$f":"SUM(I192:I192)","v":0}]
["PRODUÇÃO DA EQUIPE",null,null,1,"CUSTO ",null,null,null,{"$f":"I193+I189","v":20803}]
["TOTAL - R$",{"$nulls":7},{"$f":"I194/D194","v":20803}]
["BDI                %",{"$nulls":7},1]
["TOTAL DO SERVIÇO - R$",{"$nulls":7},{"$f":"I195*I196","v":20803}]
[]
[" COMPOSIÇÃO DE PREÇO UNITÁRIO",{"$nulls":7},"CPU012"]
["DESCRIÇÃO DO SERVIÇO",{"$nulls":6},"DATA BASE: ","2025-03-01"]
["FORNECIMENTO DE CONTAINER HIGH CUBE 40 PÉS 12,2X2,3X2,9 (COMPXLARGXALTU)",{"$nulls":6},"UNIDADE: ","un"]
["MATERIAL"]
["BASE","CÓDIGO","DISCRIMINAÇÃO","UNI","QUANT.",null,null,"P.UNIT.","P.TOTAL"]
["COTAÇÃO","-","CONTAINER HIGH CUBE 40 PÉS 12,2X2,3X2,9 (COMPXLARGXALTU)","un",1,null,null,21932,{"$f":"E204*H204","v":21932}]
["COTAÇÃO","-","FRETE DE CONTAINER TIPO CIF","un",1,null,null,null,{"$f":"E205*H205","v":0}]
["SUB-TOTAL",{"$nulls":7},{"$f":"SUM(I204:I205)","v":21932}]
["MÃO DE OBRA"]
["BASE","CÓDIGO","DISCRIMINAÇÃO","UNI","QUANT.",null,null,"P.UNIT.","P.TOTAL"]
["-","-","-","-","-",null,null,"-","-"]
["SUB-TOTAL",{"$nulls":7},{"$f":"SUM(I209:I209)","v":0}]
["PRODUÇÃO DA EQUIPE",null,null,1,"CUSTO ",null,null,null,{"$f":"I210+I206","v":21932}]
["TOTAL - R$",{"$nulls":7},{"$f":"I211/D211","v":21932}]
["BDI                %",{"$nulls":7},1]
["TOTAL DO SERVIÇO - R$",{"$nulls":7},{"$f":"I212*I213","v":21932}]
[]
[" COMPOSIÇÃO DE PREÇO UNITÁRIO",{"$nulls":7},"CPU013"]
["DESCRIÇÃO DO SERVIÇO",{"$nulls":6},"DATA BASE: ","2025-03-01"]
["FORNECIMENTO E INSTALAÇÃO DE SUPORTE PARA CAIXA D'ÁGUA EM METALON",{"$nulls":6},"UNIDADE: ","un"]
["MATERIAL"]
["BASE","CÓDIGO","DISCRIMINAÇÃO","UNI","QUANT.",null,null,"P.UNIT.","P.TOTAL"]
["ORSE","08851/ORSE","Tubo industrial, em aço, quadrado, dim 50 x 50 mm, e=2,00mm, 4,476 kg/m","m",{"$f":"5.4*1.1","v":5.9400000000000013},null,null,80.040000000000006,{"$f":"E221*H221","v":475.43760000000015}]
["ORSE","03664/ORSE","Chapa aço fina preta lisa nº14, e=2,00mm (16,0 kg/m2)","m2",{"$f":"2.427*1.075*1.1","v":2.8699275000000002},null,null,142.56,{"$f":"E222*H222","v":409.13686440000004}]
["SINAPI",100719,"PINTURA COM TINTA ALQUÍDICA DE FUNDO (TIPO ZARCÃO) PULVERIZADA SOBRE PERFIL METÁLICO EXECUTADO EM FÁBRICA (POR DEMÃO). AF_01/2020_PE","m2",{"$f":"SUM(E224,E221)*2","v":22.558800000000005},null,null,10.67,{"$f":"E223*H223","v":240.70239600000005}]
["ORSE","13120/ORSE","Perfil Aço, UDC Enrijecido 75 x 40 x 3,43(kg/m) - SAE 1008/1012","kg",{"$f":"2.427*2*1.1","v":5.3394000000000004},null,null,15.4,{"$f":"E224*H224","v":82.226760000000013}]
["SUB-TOTAL",{"$nulls":7},{"$f":"SUM(I221:I224)","v":1207.5036204000003}]
["MÃO DE OBRA"]
["BASE","CÓDIGO","DISCRIMINAÇÃO","UNI","QUANT.",null,null,"P.UNIT.","P.TOTAL"]
["SINAPI",88251,"AUXILIAR DE SERRALHEIRO COM ENCARGOS COMPLEMENTARES","H",{"$f":"20*2","v":40},null,null,23.75,{"$f":"H228*E228","v":950}]
["SINAPI",88315,"SERRALHEIRO COM ENCARGOS COMPLEMENTARES","H",{"$f":"20*2","v":40},null,null,26.32,{"$f":"H229*E229","v":1052.8}]
["SUB-TOTAL",{"$nulls":7},{"$f":"SUM(I228:I229)","v":2002.8}]
["PRODUÇÃO DA EQUIPE",null,null,1,"CUSTO ",null,null,null,{"$f":"I230+I225","v":3210.3036204}]
["TOTAL - R$",{"$nulls":7},{"$f":"I231/D231","v":3210.3036204}]
["BDI                %",{"$nulls":7},1]
["TOTAL DO SERVIÇO - R$",{"$nulls":7},{"$f":"I232*I233","v":3210.3036204}]